{"text_format":"1","workbook":"xlsx","n_sheets":10,"sheets":["1ª MEDIÇÃO","2ª MEDIÇÃO","3ª MEDIÇÃO","4ª MEDIÇÃO","5ª MEDIÇÃO","6ª MEDIÇÃO","7ª MEDIÇÃO","8ª MEDIÇÃO","9ª MEDIÇÃO","PLANILHA SINTÉTICA"],"not_rendered":{"charts":0,"images":2,"macros":1,"external_links":12,"defined_names":1440,"comments":0,"pivot_tables":0},"unopened":[],"bounds":{"document_bytes":16777216,"sheet_cells":100000,"rows_first":2000,"rows_last":500,"rows_between":2000,"halvings":0,"cell_chars":16384,"cell_head_chars":4096},"cells_cut":0,"cells_raw":0,"read":"whole","date_system":"1900"}

{"sheet":"1ª MEDIÇÃO","index":0,"n_rows":4,"n_cols":10,"rows_kept":4,"cut":false,"hidden":true,"merged":[[0,0,0,8],[1,0,1,8],[2,0,2,8]]}
["TRIBUNAL DE JUSTIÇA DE PERNAMBUCO"]
[{"$f":"#REF!","v":{"$error":"#REF!"}}]
["MEMÓRIA DE CALCULO - 1ª MEDIÇÃO"]
["ITEM","DESCRIÇÃO","QUANT.","LARG.","COMP.","ALT.","TAXA","TOTAL","UNID","MEMORIAL FOTOGRÁFICO"]

{"sheet":"2ª MEDIÇÃO","index":1,"n_rows":4,"n_cols":10,"rows_kept":4,"cut":false,"hidden":true,"merged":[[0,0,0,8],[1,0,1,8],[2,0,2,8]]}
["TRIBUNAL DE JUSTIÇA DE PERNAMBUCO"]
[{"$f":"#REF!","v":{"$error":"#REF!"}}]
["MEMÓRIA DE CALCULO - 2ª MEDIÇÃO"]
["ITEM","DESCRIÇÃO","QUANT.","LARG.","COMP.","ALT.","TAXA","TOTAL","UNID","MEMORIAL FOTOGRÁFICO"]

{"sheet":"3ª MEDIÇÃO","index":2,"n_rows":4,"n_cols":10,"rows_kept":4,"cut":false,"hidden":true,"merged":[[0,0,0,8],[1,0,1,8],[2,0,2,8]]}
["TRIBUNAL DE JUSTIÇA DE PERNAMBUCO"]
[{"$f":"#REF!","v":{"$error":"#REF!"}}]
["MEMÓRIA DE CALCULO - 3ª MEDIÇÃO"]
["ITEM","DESCRIÇÃO","QUANT.","LARG.","COMP.","ALT.","TAXA","TOTAL","UNID","MEMORIAL FOTOGRÁFICO"]

{"sheet":"4ª MEDIÇÃO","index":3,"n_rows":4,"n_cols":10,"rows_kept":4,"cut":false,"hidden":true,"merged":[[0,0,0,8],[1,0,1,8],[2,0,2,8]]}
["TRIBUNAL DE JUSTIÇA DE PERNAMBUCO"]
[{"$f":"#REF!","v":{"$error":"#REF!"}}]
["MEMÓRIA DE CALCULO - 4ª MEDIÇÃO"]
["ITEM","DESCRIÇÃO","QUANT.","LARG.","COMP.","ALT.","TAXA","TOTAL","UNID","MEMORIAL FOTOGRÁFICO"]

{"sheet":"5ª MEDIÇÃO","index":4,"n_rows":4,"n_cols":10,"rows_kept":4,"cut":false,"hidden":true,"merged":[[0,0,0,8],[1,0,1,8],[2,0,2,8]]}
["TRIBUNAL DE JUSTIÇA DE PERNAMBUCO"]
[{"$f":"#REF!","v":{"$error":"#REF!"}}]
["MEMÓRIA DE CALCULO - 5ª MEDIÇÃO"]
["ITEM","DESCRIÇÃO","QUANT.","LARG.","COMP.","ALT.","TAXA","TOTAL","UNID","MEMORIAL FOTOGRÁFICO"]

{"sheet":"6ª MEDIÇÃO","index":5,"n_rows":4,"n_cols":10,"rows_kept":4,"cut":false,"hidden":true,"merged":[[0,0,0,8],[1,0,1,8],[2,0,2,8]]}
["TRIBUNAL DE JUSTIÇA DE PERNAMBUCO"]
[{"$f":"#REF!","v":{"$error":"#REF!"}}]
["MEMÓRIA DE CALCULO - 6ª MEDIÇÃO"]
["ITEM","DESCRIÇÃO","QUANT.","LARG.","COMP.","ALT.","TAXA","TOTAL","UNID","MEMORIAL FOTOGRÁFICO"]

{"sheet":"7ª MEDIÇÃO","index":6,"n_rows":4,"n_cols":10,"rows_kept":4,"cut":false,"hidden":true,"merged":[[0,0,0,8],[1,0,1,8],[2,0,2,8]]}
["TRIBUNAL DE JUSTIÇA DE PERNAMBUCO"]
[{"$f":"#REF!","v":{"$error":"#REF!"}}]
["MEMÓRIA DE CALCULO - 7ª MEDIÇÃO"]
["ITEM","DESCRIÇÃO","QUANT.","LARG.","COMP.","ALT.","TAXA","TOTAL","UNID","MEMORIAL FOTOGRÁFICO"]

{"sheet":"8ª MEDIÇÃO","index":7,"n_rows":4,"n_cols":10,"rows_kept":4,"cut":false,"hidden":true,"merged":[[0,0,0,8],[1,0,1,8],[2,0,2,8]]}
["TRIBUNAL DE JUSTIÇA DE PERNAMBUCO"]
[{"$f":"#REF!","v":{"$error":"#REF!"}}]
["MEMÓRIA DE CALCULO - 8ª MEDIÇÃO"]
["ITEM","DESCRIÇÃO","QUANT.","LARG.","COMP.","ALT.","TAXA","TOTAL","UNID","MEMORIAL FOTOGRÁFICO"]

{"sheet":"9ª MEDIÇÃO","index":8,"n_rows":4,"n_cols":10,"rows_kept":4,"cut":false,"hidden":true,"merged":[[0,0,0,8],[1,0,1,8],[2,0,2,8]]}
["TRIBUNAL DE JUSTIÇA DE PERNAMBUCO"]
[{"$f":"#REF!","v":{"$error":"#REF!"}}]
["MEMÓRIA DE CALCULO - 9ª MEDIÇÃO"]
["ITEM","DESCRIÇÃO","QUANT.","LARG.","COMP.","ALT.","TAXA","TOTAL","UNID","MEMORIAL FOTOGRÁFICO"]

{"sheet":"PLANILHA SINTÉTICA","index":9,"n_rows":594,"n_cols":7,"rows_kept":594,"cut":false,"hidden":false,"merged":[[6,5,6,6],[0,7,0,8],[1,7,1,8],[2,7,2,8],[0,0,0,3],[0,5,0,6],[1,0,2,3],[1,5,1,6],[2,5,2,6],[593,0,593,5],[3,7,3,8],[4,7,4,8],[7,5,7,6],[7,4,8,4],[7,0,8,0],[7,2,8,2],[7,3,8,3],[7,1,8,1],[5,7,5,8],[6,7,6,8],[3,0,4,3],[3,5,3,6],[4,5,4,6],[5,0,6,3],[5,5,5,6]]}
["PODER JUDICIÁRIO",null,null,null,"Obra:","SERVIÇOS DE REFORMA DO PRÉDIO ANEXOAO EDF. PAULA BAPTISTA"]
["TRIBUNAL DE JUSTIÇA DE PERNAMBUCO",null,null,null,"Local:","RUA DO IMPERADOR PEDRO II, 221, SANTO ANTÔNIO, RECIFE"]
[null,null,null,null,"Contrato:","025/2024 -TJPE"]
["DIRETORIA DE ENGENHARIA E ARQUITETURA",null,null,null,"Situação:","EM ANDAMENTO"]
[null,null,null,null,"Contratada:","DIRECTA ENGENHARIA & PROJETOS LTDA "]
["QUANTITATIVOS E PREÇOS CONTRATADOS",null,null,null,"Valor Total:",{"$f":"G594","v":3568717.2399999998}]
[null,null,null,null,"DATA ASSINATURA DO CONTRATO","2023-10-19"]
["ITEM","Cód. Efisco","DESCRIÇÃO","UN","QUANT. TOTAL","TOTAL"]
[null,null,null,null,null,"P. UNIT","P. TOTAL"]
["1.0",null,"PROJETOS E ART´S"]
["1.1","439519-0","ART Execução de obra - responsável técnico da contratada.","un",1,320.73,320.73]
["1.2","507876-8","Elaboração do PGRCC - Plano de Gerenciamento de Resíduos da Construção Civil","un",1,1763.72,1763.72]
["2.0",null,"ADMINISTRAÇÃO DA OBRA / MÁQUINAS E EQUIPAMENTOS"]
["2.1","314578-6","Mobilização da obra (pessoal, máquinas e equipamentos).","un",1,2027.4,2027.4]
["2.2","401010-8","Administração local pelo período da Obra.","un/mês",8,40261.949999999997,322095.59999999998]
["2.3","442710-6","Locação de  andaime metálico tubular tipo torre incluindo plataforma metálica, guarda corpo metálico, escada, inclusive montagem e desmontagem. ","mxmês",210,47.31,9935.1]
["2.4","590347-5","Locação de guincho coluna capacidade 400kg monofásico, incluindo balde de 50l, abraçadeiras, pedestal e acessórios correspondentes para perfeita instalação.","unxmês",2,464.74,929.48]
["2.5","590375-0","Montagem de guincho coluna capacidade 400kg monofásico.","un",1,163.19999999999999,163.19999999999999]
["2.6","590376-9","Desmontagem de guincho coluna capacidade 400kg monofásico.","un",1,163.19999999999999,163.19999999999999]
["2.7","465712-8","Frete de guincho coluna capacidade 400kg monofásico. (Entrega ou retirada)","un",2,50.64,101.28]
["2.8","590351-3","Locação de balanças de 1,5 a 6,0m de comprimento cada, inclusive cabos e acessórios necessários para montagem.","unxmês",8,670.29,5362.32]
["2.9","456077-9","Montagem da balança balanças de 1,5 a 6,0m de comprimento cada, inclusive cabos e acessórios necessários para montagem.","un",8,426.87,3414.96]
["2.10","505134 - 7","Desmontagem da balança balanças de 1,5 a 6,0m de comprimento cada, inclusive cabos e acessórios necessários para montagem.","un",8,426.87,3414.96]
["2.11","522688-0","Fornecimento e instalação de tela de nylon para proteção de fachada.","m²",450,38.67,17401.5]
["2.12"," 590353-0","Mobilização e desmobilização de balanças de 1,5 a 6,0m de comprimento cada, inclusive cabos e acessórios. (por viagem)","un",2,251.96,503.92]
["3.0",null,"CANTEIRO DE OBRA"]
["3.1","484844-6","Placa de obra em lona plástica  impressão digital alta resolução com acabamento em ilhós, fixação em abraçadeiras de nylon, estrutura em ferro galvanizado.","m²",4,415.40999999999997,1661.64]
["3.2","491692-1","Tapume de estrutura de madeira com fechamento em chapa de aço galvanizada bitola gsg 30, e = 0,35 mm (2,80 kg/m²) e altura de 2m.","m²",6,162.54,975.24]
["3.3","428787-8","Ligação provisória de energia. (Container)","un",1,1383.6399999999999,1383.64]
["4.0",null,"DEMOLIÇÃO / REMOÇÃO / RETIRADA / ATERRO / FURAÇÃO"]
["4.1","516765-5","Demolição de lajes, de forma mecanizada com martelete, sem reaproveitamento. (laje elevador + palco)","m³",3.04,159.29,484.24]
["4.2","435114-2","Demolição de revestimento com argamassa de cimento e areia. (Paredes internas e coberta)","m²",836.43,23.88,19973.939999999999]
["4.3","479633-0","Remoção de louças, de forma manual, sem reaproveitamento. (bacia, lavatório e cuba) ","un",4,13.21,52.84]
["4.4","485907-3","Remoção de metais sanitários, de forma manual, sem reaproveitamento. ","un",3,9.6300000000000008,28.89]
["4.5"," 516874-0","Remoção de chapas e perfis de drywall, de forma manual, sem reaproveitamento. af_12/2017","un",10.220000000000001,9.68,98.92]
["4.6","552319-2","Remoção de divisória de granito (Mármore)","m²",31.29,18.579999999999998,581.36]
["4.7","525866-9","Remoção de vidro liso comum de esquadria com baguete de alumínio ou pvc. (Esquadrias das escadas) ","m²",14.83,22.759999999999998,337.53]
["4.8","555140-4","Remoção de soleira/ chapim/ moldura de mármore ou granito.","m²",24.95,21.2,528.94000000000005]
["4.9","241298-5","Retirada de Balcão em granito/ mármore.","m²",0.64,28,17.920000000000002]
["4.10","469253-5","Demolição revestimento em mármore/ granito (Escada+terraço descoberto).","m²",22.55,21.2,478.06]
["4.11","435108-8","Demolição de revestimento de piso com ladrilho hidráulico ou cerâmico. (Todos os ambientes+escada)","m²",1243.57,18.55,23068.22]
["4.12","481705-2","Remoção de impermeabilização sem proteção mecânica.","m²",258,9.08,2342.64]
["4.13","435112-6","Demolição de revestimento com azulejos ou cerâmicas. (Wc´s) paredes","m²",328.51,38.08,12509.66]
["4.14","203075-6","Demolição de concreto simples. (Trecho recepção, hall e degrau área descoberta)","m³",9.17,345.28,3166.21]
["4.15","435115-0 ","Demolição de alvenaria de 1/2 vez com preparo para remoção.","m²",126.93,27.76,3523.57]
["4.16","483531-0","Demolição de alvenaria de tijolo maciço, de forma manual, sem reaproveitamento. af_12/2017","m³",19.8,115.64999999999999,2289.87]
["4.17","435104-5 ","Retirada de esquadrias de madeira ou metálicas. (Porta corta fogo, portão alumínio e grades de ferro)","m²",36.81,20.100000000000001,739.88]
["4.18","241232-2","Demolição de parede em bloco de gesso.","m²",31.97,39.28,1255.78]
["4.19","469004-4 ","Retirada de grade de porta/janela de até 1x2,40m","un ",27,18.98,512.46]
["4.20","457384-6","Demolição de revestimento em piso granilite. (Calçada)","m²",49.85,37.1,1849.43]
["4.21","508866-6","Transporte vertical de entulhos.","m³",138.91,101.4,14085.47]
["4.22","528880-0","Transporte horizontal com jerica de 60 l, de massa/ granel.","m³xKm",5.62,1611.02,9053.93]
["4.23","553633-2","Aluguel de Caçamba estacionária com até 6m³ com destinação final de resíduos sólidos.","un",24,566.91,13605.84]
["4.24","465159-6","Taxa de descarte de resíduos da construção civil.","t",208.37,26.81,5586.39]
["4.25","435290-4","Execução de aterro abrangendo espalhamento, homogeneização, umedecimento e compactação mecânica em camadas de 20cm de espessura, inclusive o fornecimento do barro proveniente de jazida a uma distância máxima de 12Km.","m³",21.48,77.31,1660.61]
["4.26","439253-1","Limpeza de superfície com jato de alta pressão.","m²",381.86,2.13,813.36]
["4.27","442044-6","Furo em concreto para diâmetros maiores que 75 mm. af_05/2015","un ",20,167.61,3352.2]
["4.28","457686-1","Base para poço de visita circular para  esgoto, em alvenaria com tijolos cerâmicos maciços, diâmetro interno = 0,80 m, profundidade = 1,40 m, excluindo tampão. af_12/2020_pa","UN",1,2077.25,2077.25]
["4.29","590390-4","Canaleta em concreto, com tampa removível em chapa xadrez 3/16\", inclusive escavações, remoção e reaterro.","m",3,544.36,1633.08]
["5.0",null,"VEDAÇÃO"]
["5.1",null,"ALVENARIA TIJOLO CERÂMICO"]
["5.1.1","435446-0","Alvenaria de tijolos de 8 furos, assentados e rejuntados com argamassa de cimento e areia no traço 1:6  -  1 vez. (Sala reservatório inferior)","m²",1.93,119.41,230.46]
["5.1.2","536089-7","Alvenaria de vedação de blocos cerâmicos furados na horizontal de 9x19x19cm (espessura 9cm) e argamassa de assentamento com preparo em betoneira.","m²",183.31,86.64,15881.97]
["5.1.3","499185-0","Fixação (encunhamento) de alvenaria de vedação com argamassa aplicada com colher. ","m",40.119999999999997,7.33,294.07]
["5.1.4","430079-3 ","Fornecimento e assentamento de telas soldadas produzidas com fio de 1,65 mm de diâmetro e malha de 15 x 15 mm, galvanizadas, com largura x comprimento de 7,5x50cm, Belgofix ou equivalente. ","un",238,9.17,2182.46]
["5.2",null,"VERGA-CONTRAVERGA EM CONCRETO"]
["5.2.1","454988-0","Verga pré-moldada para janelas com até 1,5 m de vão. ","m",9.1,52.54,478.11]
["5.2.2","454993-7","Verga pré-moldada para portas com até 1,5 m de vão. ","m",13.86,39.07,541.51]
["5.2.3","438993-0","Contraverga pré-moldada para vãos com até 1,5 m de comprimento. ","m",13.3,51.43,684.01]
["5.3",null,"PAREDE EM DRY-WALL COM TRATAMENTO ACÚSTICO"]
["5.3.1","505587-3","Parede com placas de gesso acartonado (drywall), para uso interno, com duas faces simples e estrutura metálica com guias duplas, com vãos. (Espessura da parede 10cm)","m²",336.98,137.52000000000001,46341.48]
["5.3.2","478566-5","Instalação de isolamento com lã de rocha em paredes drywall. (Densidade = 32 kg/m³, espessura =50mm).","m²",281.22000000000003,64.59,18163.990000000002]
["6.0",null,"REVESTIMENTO DE PAREDE INTERNA"]
["6.1","432304-1 ","Chapisco aplicado em alvenarias e estruturas de concreto internas, com colher de pedreiro. Argamassa traço 1:3 com preparo em betoneira 400l.  ","m²",725.93,4.68,3397.35]
["6.2","496262-1","(Composição representativa) do serviço de emboço/massa única, traço 1:2:8, preparo mecânico, com betoneira de 400l, em paredes de ambientes internos, com execução de taliscas, para edificação habitacional multifamiliar (prédio).  ","m²",725.93,43.72,31737.65]
["6.3","590407-2","Fornecimento e assentamento de porcelanato esmaltado retificado, acabamento acetinado, tipo A, cor Spazzolato Vecchio 84,0x84,0cm, Elizabeth ou equivalente, assentado com argamassa colante industrializada, com espaçamento de 2mm e rejuntado com argamassa de rejuntamento flexível e impermeável, na cor cinza platina, uma fiada.","m²",173.77,125.87,21872.42]
["6.4","589300-3","Fornecimento de cerâmica cor Cristal Branco da Elizabeth ou equivalente, dimensões aproximadas 5x10cm, assentada em paredes internas, com argamassa colante industrializada e rejuntada com argamassa de rejuntamento flexível impermeável.","m²",190.38,93.5,17800.53]
["6.5","590423-4","Fornecimento e assentamento de painel com revestimento em tijolos rústicos artesanais, no tamanho 27x9cm, cor Adobe Terra, da OBI DA TERRA, assentado com argamassa colante ACIII, com junta seca. ","m²",15.25,195.81,2986.1]
["6.6","590475-7","PASSANTE TIPO PEÇA EM POLIESTIRENO PARA ABERTURA PARA PASSAGEM DE 1 TUBO.","un ",36,11.58,416.88]
["7.0",null,"REVESTIMENTO DE PISO"]
["7.1","400601-1","Concretagem de radier, piso de concreto ou laje sobre solo, Fck 30Mpa, lançamento, adensamento e acabamento. (Enchimento dos degraus - térreo e nivelamento reservatório inferior)","m³",38.299999999999997,496.19000000000005,19004.07]
["7.2","534918-4","Armação para execução de radier, piso de concreto ou laje sobre solo, com uso de tela Q-92.","kg",152.6,17.329999999999998,2644.55]
["7.3","565389-4","Contrapiso em argamassa traço 1:4 (cimento e areia), preparo mecânico com betoneira 400 l, aplicado em áreas secas sobre laje, aderido, acabamento não reforçado, espessura 3cm. ","m²",352.21,41.480000000000004,14609.67]
["7.4","295038-3","Regularização piso com argamassa traço 1:4, e=3cm, para revestimento de piso.","m²",1171.55,50.64,59327.29]
["7.5","565321-5","Fornecimento e assentamento de porcelanato antiderrapante retificado, tipo A, Spazzolato Vecchio Hard 84x84cm, Elizabeth ou equivalente,  assentado em PISO ou PAREDE com argamassa industrializada AC-III, com espaçamento de 2mm  e rejuntado com argamassa de rejuntamento flexível e impermeável, na cor cinza platino. (ÁREA DESCOBERTA TÉRREO, 2º PAV e 4º PAV. e TERRAÇO)","m²",75.91,104.96000000000001,7967.51]
["7.6","565396-7","Fornecimento e assentamento de rodapé em Porcelanato retificado, tipo A, Spazzolato Vecchio HARD 84x84cm, Elizabeth ou equivalente com 10cm, assentado com argamassa colante industrializada ACIII e rejuntada com argamassa de rejuntamento flexível e impermeável.","m",80.739999999999995,30.23,2440.77]
["7.7","590472-2","Fornecimento e assentamento de porcelanato retificado, tipo A, Spazzolato Vecchio Acetinado 84X84cm, Elizabeth ou equivalente,  assentado em PISO ou PAREDE com argamassa industrializada AC-III, com espaçamento de 2mm  e rejuntado com argamassa de rejuntamento flexível e impermeável.","m²",980.02,125.87,123355.11]
["7.8","590471-4","Fornecimento e assentamento de rodapé em Porcelanato retificado, tipo A, Spazzolato Vecchio Acetinado 84x84cm, Elizabeth ou equivalente com 10cm, assentado com argamassa colante industrializada ACIII e rejuntada com argamassa de rejuntamento flexível e impermeável.","m",812.62,28.11,22842.74]
["7.9","506623-9","Fornecimento e assentamento de granito polido Verde Ubatuba para piso das cabines dos elevadores, com espessura de 2cm - Conforme detalhe (Piso dos Elevadores)","m²",0.75,432.62,324.45999999999998]
["7.10","506750-2","Fornecimento e assentamento de granito flamejado Verde Ubatuba, em faixas, com 2,0 cm de espessura, conforme detalhe (Piso dos Elevadores)","m²",0.88,347.62,305.89999999999998]
["7.11","456068-0","Fornecimento e assentamento de soleira em granito natural polido Verde Ubatuba com 2,0cm de espessura.","m²",10.32,483.77,4992.5]
["7.12","506542-9","Fornecimento e assentamento de faixa de escada em granito polido verde Ubatuba com 2,0 cm de espessura, 6cm de largura, 3 frisos antiderrapantes, conforme detalhe. ","m",117.69,33.78,3975.56]
["7.13","490057-0","Piso cimentado, traço 1:3 (cimento e areia), acabamento liso, espessura 3,0 cm, preparo mecânico da argamassa. (Subestação)","m²",11.16,46.769999999999996,521.95000000000005]
["7.14","470479-7","Fornecimento e assentamento de piso tátil emborrachado de alerta/direcional (DPT) preto, com superfície em relevo tronco-cônico, medindo 250x250mm, com 5mm de espessura, fixação com cola, conforme NBR9050 (elevador, rampas, degraus).","m²",4.29,264.16000000000003,1133.24]
["7.15","590488-9","Fornecimento e assentamento de porcelanato rústico amadeirado TIJUCA EXT 20,5 X 125cm ou equivalente, com argamassa industrializada AC-III, com espaçamento de 2mm  e rejuntado com argamassa de rejuntamento flexível e impermeável.","m²",39.049999999999997,107.99000000000001,4217]
["8.0",null,"REVESTIMENTO DE TETO",null,null,0,0]
["8.1","506544-5","Fornecimento e instalação de forro removível em fibra mineral, THERMATEX STAR  da AMF ou equivalente, nas dimensões de 625x625mm, espessura de 15mm, estruturado com perfis de alumínio e pintura eletrostática na cor branca.","m²",84.69,92.14,7803.33]
["8.2","204297-5","Aplicação manual de gesso desempenado (sem taliscas) em teto de ambientes de área maior que 10m², espessura de 1,0cm. af_03/2023","m²",1568.54,23.82,37362.620000000003]
["9.0",null,"REVESTIMENTO DE FACHADA",null,null,0,0]
["9.1","433325-0","Chapisco aplicado em alvenaria (com presença de vãos) e estruturas de concreto de fachada, com colher de pedreiro.  argamassa traço 1:3 com preparo em betoneira 400l. ","m²",121.71,8.5300000000000011,1038.18]
["9.2","432316-5","Emboço ou massa única em argamassa traço 1:2:8, preparo mecânico com betoneira 400 l, aplicada manualmente em panos de fachada com presença de vãos, espessura de 25 mm. ","m²",121.71,59.459999999999994,7236.87]
["10.0",null,"RECUPERAÇÃO ESTRUTURAL "]
["10.1","590494-3","Recuperação estrutural em lajes de concreto armado com espessura de até 50 mm, incluindo demolição do concreto deteriorado, regularização do substrato, limpeza da armadura com escovagem mecanizada ou jato abrasivo, aplicação de inibidor de corrosão rico em zinco, furação e ancoragem de novas armaduras e recomposição do elemento estrutural com argamassa de reparo em concreto (argamassa polimérica).","m²",155.4,1142.3,177513.42]
["10.2","495182-4","Recuperação estrutural em pilares de concreto armado com espessura de até 50 mm, incluindo demolição do concreto deteriorado, regularização do substrato, limpeza da armadura com escovagem mecanizada ou jato abrasivo, aplicação de inibidor de corrosão rico em zinco, furação e ancoragem de novas armaduras e recomposição do elemento estrutural com argamassa de reparo em concreto (argamassa polimérica).","m²",39.479999999999997,1062.9299999999998,41964.47]
["10.3","590604-0","Recuperação estrutural em Vigas de concreto armado com espessura de até 50 mm, incluindo demolição do concreto deteriorado, regularização do substrato, limpeza da armadura com escovagem mecanizada ou jato abrasivo, aplicação de inibidor de corrosão rico em zinco, furação e ancoragem de novas armaduras e recomposição do elemento estrutural com argamassa de reparo em concreto (argamassa polimérica).","m²",42.28,1102.5899999999999,46617.5]
["10.4","439952 - 8","(Composição Representativa) Armação de pilar ou viga de uma estrutura convencional de concreto armado em um edifício de múltiplos pavimentos utilizando aço ca-50 de 6,3mm até 12,5mm - montagem. (Reposição de armadura)","kg",440,13.58,5975.2]
["10.5","590570-2","Concretagem de pilares, fck = 35 mpa, com uso de baldes - lançamento, adensamento e acabamento. af_02/2022","m³",0.51,829.27,422.92]
["10.6","505491-5","Concretagem de vigas, lajes e escadas, fck=35 mpa, para lajes maciças ou nervuradas com uso de bomba em edificação com área média de lajes maior que 20 m² - lançamento, adensamento e acabamento. ","m³",0.65,553.92000000000007,360.04]
["11.0",null,"IMPERMEABILIZAÇÃO"]
["11.1","551752-4","Pintura hidrofugante com silicone, aplicação manual, 2 demãos.","m²",1130.75,28.27,31966.3]
["11.2","569345-4","Impermeabilização de superfície com manta asfáltica em poliéster aluminizado, uma camada, inclusive aplicação de primer asfáltico, e=3mm. (Coberta - laje impermeabilizada, lajes do elevador e do reservatório)","m²",258,112.35000000000001,28986.3]
["11.3","590586-9","Impermeabilização de superfície com impermeabilizante semi-flexivel, 3 demãos, reforçado com véu de poliéster (mav). (Wc´s, marquise, Diriest Café)","m²",101.39,45.64,4627.43]
["11.4","489584-3","Impermeabilização de superfície com manta asfáltica, uma camada, inclusive aplicação de primer asfáltico, e=3mm. (Laje 1º pav e Terraço descoberto)","m²",183,114.65,20980.95]
["11.5","518167-4","Proteção mecânica de superfície horizontal com argamassa de cimento e areia, traço 1:3, E=3cm. (Wc´s, Café Diriest, laje descoberta do terraço 4º pav.)","m²",292.27,53.75,15709.51]
["11.6","518687-0","Impermeabilização de superfície com argamassa polimérica/ membrana acrílica, 3 demãos. (Poço do elevador)","m²",10.4,28.9,300.56]
["11.7","513277-0","Impermeabilização de superfície com argamassa polimérica/ membrana acrílica, 4 demãos, reforçada com véu de poliéster (MAV). (Reservatório)","m²",29.14,54.980000000000004,1602.11]
["12.0",null,"PINTURA"]
["12.1",null,"PINTURA DE PAREDE INTERNA"]
["12.1.1","432003-4","Aplicação de fundo selador acrílico em paredes, uma demão.","m²",3719.66,4.1099999999999994,15287.8]
["12.1.2","441101-3","Aplicação e lixamento de massa látex em paredes, duas demãos. ","m²",3345.21,16.8,56199.519999999997]
["12.1.3","432006-9","Aplicação manual de pintura com tinta látex acrílica em paredes, duas demãos. ","m²",2221.88,12.27,27262.46]
["12.1.4","590589-3","Aplicação manual de pintura geométrica com tinta látex acrílica em paredes, duas demãos, conforme as cores e desenhos especificados em detalhe.","m²",748.89,20.22,15142.55]
["12.1.5","563919-0","Aplicação manual de pintura a cal (caiação) em paredes, duas demãos. (Poço do elevador)","m²",138.15,7,967.05]
["12.1.6","590592-3","Aplicação manual de massa latex efeito de cimento queimado, 02 demãos, primeira demão mais escura e segunda demão mais clara, alternando lixamento.(Elevação da bancada do terraço descoberto)","m²",7.28,19,138.32]
["12.2",null,"PINTURA EM TETO "]
["12.2.1","426933-0","Aplicação de fundo selador látex pva em teto, uma demão. ","m²",1568.54,5.1099999999999994,8015.23]
["12.2.2","429232-4","Aplicação e lixamento de massa látex em teto, duas demãos. ","m²",1567.13,10.96,17175.740000000002]
["12.2.3","590597-4","Aplicação e lixamento de massa látex em teto com pigmento, para efeito cimento queimado, duas demãos. Primeira camada mais escura que a segunda.","m²",1533.51,12.62,19352.89]
["12.2.4","413972-0","Pintura em teto aparente à base de emulsão ACRÍLICA ACETINADA (Coral Decora ou equivalente), duas demãos, na cor CINZA.","m²",35.03,16.62,582.19000000000005]
["12.3",null,"PINTURA DE PAREDE EXTERNA",null,null,0,0]
["12.3.1","485282-6","Aplicação manual de fundo selador acrílico em panos cegos de fachada (sem presença de vãos) de edifícios de múltiplos pavimentos. ","m²",120,2.38,285.60000000000002]
["12.3.2","578111-6","Aplicação manual de massa acrílica em panos de fachada com presença de vãos, de edifícios de múltiplos pavimentos, uma demão.","m²",120,18.14,2176.8000000000002]
["12.3.3","432006-9","Aplicação manual de pintura com tinta látex acrílica em paredes, duas demãos. ","m²",2084.64,12.27,25578.53]
["12.4",null,"PINTURA DAS CAIXA EXTERNA EM CONCRETO  E TAMPA DO RESERVATÓRIO INFERIOR",null,null,0,0]
["12.4.1","529311-1","Pintura de piso com tinta acrílica, aplicação manual, 2 demãos, incluso fundo preparador. ","m²",3.59,20.240000000000002,72.66]
["12.5",null,"PINTURA SOBRE GRADE DE FERRO, TUBULAÇÃO DE INCÊNDIO, PORTA CORTA FOGO, ELETROCALHA E CORRIMÃO",null,null,0,0]
["12.5.1","520241-8","Pintura com tinta alquídica de acabamento (esmalte sintético acetinado) aplicada a rolo ou pincel sobre superfícies metálicas (exceto perfil) executado em obra, 02 demãos.","m²",445.15,51.379999999999995,22871.8]
["12.5.2","531912-9","Pintura com tinta alquídica de fundo e acabamento (esmalte sintético grafite) pulverizada sobre superfícies metálicas (exceto perfil) executado em obra (por demão). (Recuperação dos guarda-corpos 3º e 4º pav - em ferro)","m²",4.5999999999999996,25.71,118.26]
["13.0",null,"GRANITOS ",null,null,0,0]
["13.1","591109-5","Fornecimento e assentamento de balcão em granito polido Verde Ubatuba espessura de 2cm, medindo de (1,27x0,25)m, com abertura para 01 cuba de semi encaixe, com testeira e respaldo em acabamento reto, incluindo mão francesa para apoio, conforme detalhe. (Wc feminino térreo) ","un",1,504.45,504.45]
["13.2","591117-6","Fornecimento e assentamento de balcão em granito Verde Ubatuba medindo de (1,90xlargura variável)m-área de bancada 0,88m²-  abertura para 02 cubas, testeira e espelhos com acabamento reto,  mão francesa para apoio, conforme detalhe. (Wc feminino - 1º, 2º e 3º pav.)","un",3,1017.7099999999999,3053.13]
["13.3","591118-4","Fornecimento e assentamento de balcão em granito Verde Ubatuba medindo de (1,41x0,55)m  abertura para 02 cubas, testeira e espelhos com acabamento reto,  mão francesa para apoio, conforme detalhe. (Wc masculino 1º, 2º e 3º pav.) ","un",3,830.53,2491.59]
["13.4","591120-6","Fornecimento e assentamento de balcão em granito Verde Ubatuba medindo de (1,40x0,25)m com abertura para 01 cuba de semi encaixe, testeira, espelhos com acabamento reto, mão francesa para apoio,  conforme detalhe. (Wc masculino e feminino 4º pav.)","un",2,539.67999999999995,1079.3599999999999]
["13.5","591121-4","Fornecimento e assentamento de balcão em granito Verde Ubatuba medindo de 1,80x0,60m composto por área seca e molhada,  abertura para 01 cuba, testeira, espelhos e área molhada com acabamento reto  mão francesa para apoio, conforme detalhe. (Café Diriest 4º pav.)","un",1,868.95,868.95]
["13.6","565505-6","Fornecimento e assentamento de balcão em granito Verde Ubatuba medindo de 1,60x0,60m composto por área seca e molhada,  abertura para 01 cuba, testeira, espelhos e área molhada com acabamento reto, mão francesa para apoio, conforme detalhe. (Café DEA 2º pavimento) ","un",1,822.21999999999991,822.22]
["13.7","591123-0","Mesa em granito Verde Ubatuba 4cm medindo de 0,45x1,30m engastada na parede e com montante na outra extremidade, testeira e espelhos com acabamento reto, conforme detalhe. (Café DEA 2º pavimento) ","un",1,674.49,674.49]
["13.8","591132-0","Fornecimento e assentamento de bancada em granito polido Verde Ubatuba espessura de 2cm, medindo de (3,46x0,65)m, engastada na parede, com abertura para 01 cuba retangular, com testeira e respaldo em acabamento reto, ambos com 10cm de altura,  incluindo mão francesa para apoio. (Terraço descoberto - Balcão cobogó) ","m²",2.2200000000000002,1621.31,3599.3]
["13.9","591143-5","Fornecimento e assentamento de bancada em granito polido Verde Ubatuba espessura de 2cm, medindo de (2,46x0,75)m, sem abertura, com testeira em acabamento reto, com 10cm de altura. (Terraço descoberto - Bancada sobre base de alvenaria) ","m²",1.73,1189.8700000000001,2058.4699999999998]
["13.10","591157-5","Fornecimento e assentamento de portal com acabamento duplo reto revestido de granito Verde Ubatuba. (Elevador)","m²",5.5,356.55999999999995,1961.08]
["13.11","429089-5","Fornecimento e assentamento de parede revestida em granito Verde Ubatuba. (Elevador)","m²",21.14,432.62,9145.58]
["13.12","591400-0","Fornecimento e assentamento de moldura em granito Verde Ubatuba, com 2 cm de espessura. (Janelas e portas internas)","m²",19.05,356.55999999999995,6792.46]
["13.13","591148-6","Fornecimento e assentamento de chapim em granito Verde Ubatuba, acabamento reto. (Terraço descoberto)","m²",10.119999999999999,400.35999999999996,4051.64]
["13.14","505608-0","Fornecimento e assentamento de rodapé em granito polido Verde Ubatuba, com espessura de 2cm e altura 10cm, acabamento reto, rejuntado com argamassa colante tipo AC-III. (Acabamento ao redor da base de alvenaria)","m",5.67,56.39,319.73]
[14,null,"ESQUADRIAS",null,null,0,0]
["14.1",null,"KIT PORTA PRONTA DE MADEIRA COM FERRAGEM",null,null,0,0]
["14.1.1","591193-1","Kit de porta pronta de madeira revestida de laminado melamínico, semi-oca (leve ou média), padrão médio, 90x210cm, espessura de 3,5cm, itens inclusos: dobradiças, montagem e instalação do batente, fechadura com execução do furo - fornecimento e instalação. ","un",26,564.83999999999992,14685.84]
["14.1.2","591282-2","Kit de porta pronta de madeira revestida de laminado melamínico, semi-oca (leve ou média), padrão médio, 90x210cm, espessura de 3,5cm, itens inclusos: dobradiças, montagem e instalação do batente, fechadura com execução do furo placa de inox na base dos dois lados h=0,40m, banheiro PPNE - fornecimento e instalação.","un",4,708.98,2835.92]
["14.1.3","591195-8","Kit de porta pronta de madeira revestida de laminado melamínico, semi-oca (leve ou média), padrão médio, 70x210cm, espessura de 3,5cm, itens inclusos: dobradiças, montagem e instalação do batente, fechadura com execução do furo - fornecimento e instalação. ","un",10,523.83000000000004,5238.3]
["14.1.4","591286-5","Fornecimento e assentamento de porta em laminado estrutural painel TS-10mm, a prova d'água, revestido nas duas faces com laminado melamínico texturizado na cor BRANCO POLAR. Estrutura em perfis de alumínio anodizado natural fosco, fechadura tipo lingueta com indicação livre/ocupado em nylon, ref.: Neocom ou equivalente. (dim.=0,60x1,60m)","m²",11.52,1011.86,11656.62]
["14.1.5","591809-0","Fornecimento e assentamento de divisória sanitária em laminado estrutural painel TS-10mm, a prova d'água, revestido nas duas faces com laminado melamínico texturizado na cor CARVALHO LINHEIRO. Ref.: Neocom ou equivalente técnico, linha Novo Alcoplac, Estrutura em perfis de alumínio anodizado natural fosco, inclusive porta, fechadura tipo lingueta com indicação livre/ocupado em nylon.","m²",27.32,1011.86,27644.01]
["14.1.6","591289-0","Fornecimento e instalação de anteparo para box 0,30x1,20m, com prateleira 0,25x0,40 NEOCON ou equivalente, da linha Novo Alcoplac, cor Carvalho Linheiro.","m²",0.12,560.56000000000006,67.260000000000005]
["14.2",null,"ESQUADRIA EM ALUMÍNIO - Esquadrias com perfis em alumínio extrudado na liga 6060/T5, de acordo com a norma técnica ABNT - NBR 8117. Perfis com pintura eletrostática, classe 13, na cor preta. Vidro laminado verde. Incluso o fornecimento do contramarco. ",null,null,0,0]
["14.2.1","591313-6","Fornecimento e instalação de esquadria em alumínio JAV01 com pintura eletrostática preta e vidro verde LAMINADO 6mm. Possui 2 folhas tipo CORRER. (2,00x1,00)/1,10m. ","m²",12,1185.1099999999999,14221.32]
["14.2.2","591314-4","Fornecimento e instalação de esquadria em alumínio JAV02 com pintura eletrostática preta e vidro verde LAMINADO 6mm. Possui 2 folhas tipo CORRER. (1,40x1,00)/1,10m. ","m²",4.2,1045.29,4390.21]
["14.2.3","591315-2","Fornecimento e instalação de esquadria em alumínio JAV03 com pintura eletrostática preta e vidro verde LAMINADO 6mm. Possui 2 folhas, sendo 1 tipo maximar e 1 fixa. (1,00x1,65)/0,79m.  ","m²",28.05,803.88,22548.83]
["14.2.4","591316-0","Fornecimento e instalação de esquadria em alumínio JAV04 com pintura eletrostática preta e vidro verde LAMINADO 6mm. Possui 3 folhas, sendo 2 tipo correr e 1 fixa (1,55x1,65)/0,82m.","m²",7.67,803.88,6165.75]
["14.2.5","591213-0","Fornecimento e instalação de esquadria em alumínio JAV05 com pintura eletrostática preta e vidro jateado verde LAMINADO 6mm. Possui 2 folhas tipo MAXIMAR. (1,35x0,55)/1,71m. ","m²",2.23,838.99,1870.94]
["14.2.6","591215-6","Fornecimento e instalação de esquadria em alumínio  JAV06 com pintura eletrostática preta e vidro jateado verde LAMINADO 6mm. Possui 2 folhas tipo MAXIMAR. (1,14x0,55)/1,71m.","m²",1.88,838.99,1577.3]
["14.2.7","591216-4","Fornecimento e instalação de esquadria em alumínio JAV07 com pintura eletrostática preta e vidro verde LAMINADO 6mm. Possui 2 folhas tipo MAXIMAR. (1,56x0,54)/1,49m.","m²",0.84,799.23,671.35]
["14.2.8","591217-2","Fornecimento e instalação de esquadria em alumínio JAV09 com pintura eletrostática preta e vidro verde LAMINADO 6mm. Possui 2 folhas tipo MAXIMAR. (0,98x0,35)/1,79m.","m²",0.69,799.23,551.46]
["14.2.9","591219-9","Fornecimento e instalação de esquadria em alumínio JAV10 com pintura eletrostática preta e vidro jateado verde LAMINADO 6mm. Possui 2 folhas tipo MAXIMAR. (0,97x0,55)/1,71m. ","m²",0.34,838.99,285.25]
["14.2.10","591220-2","Fornecimento e instalação de esquadria em alumínio EAV01 com pintura eletrostática preta e vidro verde LAMINADO 6mm. Possui 2 folhas tipo CORRER. (2,10x2,10)m.","m²",8.82,685.2700000000001,6044.08]
["14.2.11","591222-9","Fornecimento e instalação de esquadria em alumínio EAV02 com pintura eletrostática preta e vidro verde LAMINADO 6mm. Possui 2 folhas, sendo 1 tipo GIRO e 1 FIXA + MAXIMAR. (1,58x2,09)m.","m²",3.3,685.2700000000001,2261.39]
["14.2.12","591223-7","Fornecimento e instalação de esquadria em alumínio EAV03 com pintura eletrostática preta e vidro verde LAMINADO 6mm. Possui 2 folhas de GIRO. (2,10x2,10)m. ","m²",8.82,685.2700000000001,6044.08]
["14.2.13","591317-9","Fornecimento e instalação de esquadria em alumínio EAV04 com pintura eletrostática preta e vidro verde LAMINADO 6mm. Possui 2 folhas, sendo 1 tipo GIRO veneziana e 1 FIXA vidro verde. (1,20x2,86)m. ","m²",3.43,779.35,2673.17]
["14.2.14","591319-5","Fornecimento e instalação de esquadria em alumínio JVAR com pintura eletrostática preta e vidro verde ARAMADO 6mm, medindo (1,00x0,50)m.","m²",1.5,784.49,1176.73]
["14.3",null,"ESQUADRIA EM ALUMÍNIO TIPO VENEZIANA ",null,null,0,0]
["14.3.1","565519-6","PA01 - Fornecimento  e assentamento de porta dupla em alumínio anodizado bronze, tipo veneziana, de giro, medindo (1,90 x 2,10m). (4º pavimento)","m²",4.2,331.31,1391.5]
["14.4",null,"VISOR EM VIDRO LAMINADO",null,null,0,0]
["14.4.1","591322-5","Visor V01 em vidro laminado verde 6mm medindo (0,68x1,57)m com vidro fixo. (4º pav.)","m²",1.07,781.79000000000008,836.51]
["14.5",null,"ESQUADRIAS EM VIDRO TEMPERADO (PORTAS DO TÉRREO) - Esquadria em vidro temperado verde 10mm. Puxador em aço inox mín. 50cm de comprimento. Fechadura e ferragens em aço inox, com mola. Faixa em adesivo com acabamento jateado 10cm de largura.",null,null,0,0]
["14.5.1","591323-3","Esquadria PVT1 com uma porta em vidro temperado verde 10mm (2,55x2,30)m com mola e duas partes fixas. Puxador em aço inox mín. 50cm de comprimento. Fechadura em aço inox. Faixa em adesivo com acabamento jateado 10cm de largura. (Térreo - entrada do prédio)","un",1,5576.72,5576.72]
["14.5.2","591558-9","Esquadria PVT2 com uma porta em vidro temperado verde com mola 10mm (1,10x2,30)m. Puxador em aço inox mín. 50cm de comprimento. Fechadura em aço inox. Faixa em adesivo com acabamento jateado 10cm de largura. (Térreo - entrada do prédio)","un",1,2852.38,2852.38]
["14.5.3","591499 - 0","Esquadria PVT3 com uma porta em vidro temperado verde com mola 10mm (1,05x2,30)m. Puxador em aço inox mín. 50cm de comprimento. Fechadura em aço inox. Faixa em adesivo com acabamento jateado 10cm de largura. (Térreo - entrada do prédio)","un",1,2796.0499999999997,2796.05]
["14.5.4","591500-7","Esquadria PVT4 com uma porta em vidro temperado verde com mola 10mm (1,20x2,10)m. Puxador em aço inox mín. 50cm de comprimento. Fechadura em aço inox. Faixa em adesivo com acabamento jateado 10cm de largura. (Térreo)","un",1,3518.3599999999997,3518.36]
["14.6",null,"PORTA CORTA-FOGO",null,null,0,0]
["14.6.1","591327-6","Porta corta-fogo 90x210x4cm, inclusive barra anti-pânico dupla, cega lado oposto - fornecimento e instalação. ","un",1,2806.82,2806.82]
["14.6.2","586463-1","Porta corta-fogo 80x210x4cm, inclusive barra anti-pânico dupla, cega lado oposto - fornecimento e instalação. ","un",4,2806.82,11227.28]
["14.7",null,"ESTRUTURA METÁLICA/ CORRIMÃO / ESCADA MARINHEIRO/ BARRA DE FERRO E AÇO / TELA DE PROTEÇÃO",null,null,0,0]
["14.7.1","591328-4","Fornecimento e instalação de porta de ferro PG01 (1,90x4,19)m, com  barra chata e moldura, com duas folhas e parte fixa, engastada em alvenaria. Grade de ferro em barra chata 1\"x3/16\" pintada com esmalte sintético na cor preta e moldura de contorno em barra chata de 1\" x 1/4\". Batedor de grade de porta em barra chata de 1\" x 1/8\" e ferrolho com barra chata  de 1\"x 1/4\", conforme detalhe.","m²",7.96,466.51,3713.41]
["14.7.2","591329-2","Confecção e montagem de estrutura metálica para plataforma das condensadoras com vigas W 150x18, parafusos de ancoragem com seção de 10mm e 6,3mm, placas de base com seção de 200x300x10mm e com seção 200x300x8mm. Todos os perfis galvanizados à fogo, em aço do tipo ASTM A36 e todas as ligações com solda em eletrodo 6013, 7018, 6011 ou 6010, conforme projeto. (Plataformas 1º, 2º e 3º Pav. - CONDENSADORAS)","kg",1811.2,33.799999999999997,61218.559999999998]
["14.7.3","591330-6","Piso em chapa extrudadas GME2 BEPEX 15,25KG/M² para Plataformas metálicas - CONDENSADORAS","kg",605.12,61.5,37214.879999999997]
["14.7.4","591331-4","Confecção e montagem de escada marinheiro composta por perfis em barra chata 75x8mm, barras redondas com seção 3/4\", barra chata com seção de 75x10mm, perfis do tipo L (seção 1 1/2\" x 3/16\") e chapas de base com seção 8x50x50mm, para fixação dos parabolts do tipo WALSYWA, com seção de 1/2\". Todos os perfis galvanizados à fogo em aço do tipo ASTM A36, com solda em eletrodo 6013, 7018, 6011 ou 6010, pintura de fundo com primer à base de poliuretano com espessura de 35 micras de cor diferente de preta e pintura de acabamento com tinta à base de poliuretano de cor preta com espessura de 35 micras, conforme projeto. ","m",8,992.6099999999999,7940.88]
["14.7.5","591359-4","Confecção e montagem de guarda-corpo metálico, tubos com seção de 42,2x3,6mm, placa de base do guarda-corpo com seção de 100x100x5mm. Todos os perfis galvanizados à fogo, em aço do tipo ASTM A36, todas as ligações com solda em eletrodo 6013, 7018, 6011 ou 6010, conforme projeto.","kg",284.60000000000002,78.260000000000005,22272.79]
["14.7.6","591368-3","Confecção e montagem de vigas metálicas para reforço de laje de reservatório superior, com vigas W 310x44,5, parafusos de ancoragem com seção de 12,5mm,  placa de base do reforço da viga com seção 300x350x12,5mm. Todos os perfis galvanizados à fogo, em aço do tipo ASTM A36 , e todas as ligações com solda em eletrodo 6013, 7018, 6011 ou 6010, conforme projeto.","kg",462.3,45.53,21048.51]
["14.7.7","591376-4","Confecção e montagem de estrutura metálica para pergolado com 10 perfis do tipo W 150x13 para confecção dos pilares, 5 perfis do tipo W150x13 para confecção das vigas VM1, 02 perfis de dimensões 120x60x5,6 para a confecção de vigas VM3, e 33 perfis de dimensões 100x50x4,4 para confeção das vigas VM2.  Incluso 40 parafusos de ancoragem com seção de 10mm,  10 chapas de base com seção de 200x300x12mm. Todos os perfis galvanizados a fogo em aço do tipo ASTM A36, com solda em eletrodo 6013, 7018, 6011 ou 6010, pintura de fundo com primer à base de poliuretano com espessura de 35 micras de cor diferente de preta e pintura de acabamento com tinta à base de poliuretano de com preta com espessura de 35 micras, conforme projeto. ","kg",2013.7,41.13,82823.48]
["14.7.8","205067-6","Fornecimento e instalação de corrimão em ferro galvanizado com diâmetro de 1 e 1/2\" sem balaústre, fixado na parede nas alturas de 70 cm e 92 cm, com tubo em \"L\" diâmetro 3/4\" soldado no centro da roseta e no corrimão, chumbado na parede. Roseta de fixação em ferro diâmetro 3 e 1/2\" x 1/8\", chumbador metálico tipo UR 6mm e acessórios necessários para fixação, conforme detalhe. (Corrimão ferro parede - TIPO 5.)","m",63.91,188.19,12027.22]
["14.7.9","466885-5","Fornecimento e instalação de corrimão em tubo de ferro galvanizado com diâmetro de 1 e 1/2\" soldado no centro da roseta e no corrimão, chumbado na parede. Roseta de fixação em ferro diâmetro 5\" x 1/8\". Corrimão de ferro com diâmetro de 1 e 1/2\" com alturas de 92cm e 70cm do piso e balaústre em ferro com diâmetro de 1 e 1/2\" com altura de 92 cm do piso fixado no  piso com roseta de fixação em ferro de 5\" x 1/8\", conforme detalhe. (Corrimão ferro parede - TIPO 7.)","m",3.5,272.01,952.03]
["14.7.10","591378-0","Fornecimento e instalação de guarda corpo em ferro com tubo em \"L\" diâmetro 3/4\" soldado no centro da roseta e no corrimão, chumbado na parede. Roseta de fixação em ferro diâmetro 3 e 1/2\" x 1/8\", chumbador metálico tipo UR 6mm e acessórios necessários para fixação - conforme detalhes guarda corpo 4º pav. (Terraço descoberto)","m",39.58,192.07,7602.13]
["14.7.11","591380-2","Quadro de proteção com tela de arame galvanizado, ondulada, fio 12 bwg, 1/2\", fixada com cantoneiras em aço","m²",7.35,226.35000000000002,1663.67]
["14.7.12","591381-0","Fornecimento e instalação de  guarda-corpo em tubo de aço galvanizado ø 1 1/2\" fixado nas extremidades, conforme projeto","m",4.2,108.69,456.49]
[15,null,"PISOS EXTERNOS",null,null,0,0]
["15.1","565172-7","Piso em granilite, marmorite ou granitina em ambientes internos, com espessura de 8 mm, incluso mistura em betoneira, colocação das juntas, aplicação do piso, 4 polimentos com politriz, estucamento, selador e cera.","m²",30.06,93.35,2806.1]
["15.2","591386-1","Revestimento de piso com mosaico de granito preto Tijuca esp=2cm, com argamassa industrializada AC-II.","m²",20.04,600.19000000000005,12027.8]
["15.3","444135-4","Fornecimento e assentamento de piso tátil ALERTA em lajota de concreto, com dimensões (0,25x0,25)m, aplicado sobre lastro de concreto 1:4:8 com 5cm de espessura, inclusive execução de lastro.","m²",1.55,174.7,270.77999999999997]
[16,null,"COBERTA",null,null,0,0]
["16.1","530674-4","Viga metálica em perfil laminado ou soldado em aço estrutural, com conexões soldadas, inclusos mão de obra, transporte e içamento utilizando guindaste - fornecimento e instalação (DEA Café)","kg",91.24,17.79,1623.15]
["16.2","527461-3","Telhamento com termoisolante revestida em aço galvalume, com face superior em telha trapezoidal e face inferior em chapa plana, revestimento com espessura de 0,50 mm com pré-pintura de cor branca nas duas faces, núcleo em poliiso, com até 2 águas, incluso içamento. (DEA Café)","m²",49.92,230.46,11504.56]
["16.3","517395-7","Calha de beiral, semicircular de pvc, diâmetro 125 mm, incluindo cabeceiras, emendas, bocais, suportes e vedações, excluindo condutores, incluso transporte vertical. (DEA Café)","m",2.1,160.79000000000002,337.65]
["16.4","482043-6","Rufo em concreto armado, Fck=20Mpa, largura 30cm, espessura 5cm.","m",8.6999999999999993,33.58,292.14]
["16.5","591713-1","Recuperação de cobertura abre e fecha ","un ",1,6971.04,6971.04]
["16.6","591390 - 0","Telhamento com isotelha trapezoidal térmica sanduíche PIR 30mm, comprimento de 3,50m, largura de 1,00m, aço superior branco e aço inferior tipo forro amadeirado - Kingspan/Isoeste ou similar.","m²",43.2,300.56,12984.19]
[17,null,"INSTALAÇÕES HIDROSSANITÁRIAS ",null,null,0,0]
["17.1",null,"ALIMENTAÇÃO DE AF E TUB. TORNEIRAS DE JARDIM/ SUÇÃO/ RECALQUE",null,null,0,0]
["17.1.1","591394 - 2","Fornecimento e assentamento de tubos soldáveis de PVC rígido diâmetro 25 mm, inclusive conexões  abertura e fechamento de valas.","m",10,13.99,139.9]
["17.1.2","460516-0","Fornecimento e assentamento de tubos soldáveis de PVC rígido diâmetro 32 mm, inclusive conexões  abertura e fechamento de valas.","m",50,24.18,1209]
["17.1.3","506187-3","Fornecimento e assentamento de tubos soldáveis de PVC rígido diâmetro 40 mm, com rasgo de alvenaria  ou demolição de cimentado, inclusive conexões abertura e fechamento de valas.","m",15,28.630000000000003,429.45]
["17.1.4","591404-3","Fornecimento e instalação de caixa d'água em fibra de vidro com 10.000l.","un",1,6744.4100000000008,6744.41]
["17.2",null,"BARRILETE AF",null,null,0,0]
["17.2.1","431832-3","Tubo, pvc, soldável, dn 40mm, instalado em prumada de água - fornecimento e instalação.","m",15,14.68,220.2]
["17.2.2","431833-1","Tubo, pvc, soldável, dn 50mm, instalado em prumada de água - fornecimento e instalação.","m",30,16.27,488.1]
["17.3",null,"LIMPEZA/ EXTRAVASOR/ SUSPIRO DO BARRILETE/ TUBULAÇÃO DE AVISO",null,null,0,0]
["17.3.1","436157-1 ","Fornecimento e assentamento de tubos soldáveis de PVC rígido diâmetro 25 mm, inclusive conexões e abertura de rasgos em alvenaria, para colunas de água.","m",1,22.02,22.02]
["17.3.2","436158-0 ","Fornecimento e assentamento de tubos soldáveis de PVC rígido diâmetro 32 mm, inclusive conexões e abertura de rasgos em alvenaria, para colunas de água e barriletes.","m",5,28.97,144.85]
["17.3.3","436161-0","Fornecimento e assentamento de tubos soldáveis de PVC rígido diâmetro 60 mm, inclusive conexões e abertura de rasgos em alvenaria, para colunas de água e barriletes.","m",10,50.78,507.8]
["17.4",null,"COLUNA AF",null,null,0,0]
["17.4.1","438968-9","Tubo, pvc, soldável, dn 32mm, instalado em prumada de água - fornecimento e instalação.","m",105,9.6300000000000008,1011.15]
["17.5",null,"RAMAL/SUB-RAMAL AF",null,null,0,0]
["17.5.1","436157-1 ","Fornecimento e assentamento de tubos soldáveis de PVC rígido diâmetro 25 mm, inclusive conexões e abertura de rasgos em alvenaria, para colunas de água.","m",179,22.02,3941.58]
["17.6",null,"REGISTROS ",null,null,0,0]
["17.6.1","422039-0","Registro de gaveta bruto, latão, roscável, 3/4\", com acabamento e canopla cromados, fornecimento e instalação.","un",22,88.38,1944.36]
["17.6.2","462610-9","Registro de gaveta bruto, latão, roscável, 1”, fornecimento e instalação.","un",7,106.81,747.67]
["17.6.3"," 203136-1","Fornecimento de registro de gaveta bruto, diâmetro 2 pol., inclusive fixação.","un",2,189.22,378.44]
["17.6.4","401962-8","Registro de gaveta bruto, latão, roscável 1 1/2”, fornecimento e instalação.","un",2,127.31,254.62]
["17.7",null,"BOMBAS E ACESSÓRIOS",null,null,0,0]
["17.7.1","556307-0","Válvula de retenção, de bronze, pé com crivos, roscável, 1 1/4\" - fornecimento e instalação. ","un",1,128.9,128.9]
["17.7.2","506185-7","Válvula de retenção horizontal, de bronze, roscável, 1\" - fornecimento e instalação.","un",2,160.78,321.56]
["17.7.3","439076-8","Torneira de boia para caixa d'água, roscável, 1\" - fornecimento e instalação.","un",3,61.760000000000005,185.28]
["17.7.4","524181-2","Chave de boia automática superior/inferior 15a/250v - fornecimento e instalação. ","un",2,80.930000000000007,161.86000000000001]
["17.7.5","554456-4","Bomba centrífuga, trifásica, 3 cv ou 2,96 hp, hm 34 a 40 m, q 8,6 a 14,8 m³/h - fornecimento e instalação.","un",2,1606.1699999999998,3212.34]
["17.8",null,"PONTOS DE ÁGUA FRIA E ESGOTO ",null,null,0,0]
["17.8.1","591450-7","Ponto de água com tubulações para arremate final e conexões de PVC rígido soldável, incluindo abertura de rasgos em alvenaria.","pt",69,79.61,5493.09]
["17.8.2","203164-7","Ponto de esgoto para bacia sanitária com tubulação para arremate final e conexões em PVC rígido soldáveis.","pt",19,108.25,2056.75]
["17.8.3","203165-5","Ponto de esgoto para pia ou lavandaria com tubulação para arremate final e conexões em PVC rígido soldáveis.","pt",4,124.4,497.6]
["17.8.4","203166-3","Ponto de esgoto para lavatório ou mictório com tubulação para arremate final e conexões em PVC rígido soldáveis.","pt",22,126.50999999999999,2783.22]
["17.8.5","203167-1","Ponto de esgoto para ralo sifonado, inclusive ralo, tubulação para arremate final e conexões em PVC rígido soldáveis.","pt",16,119.25,1908]
["17.9",null,"TUBULAÇÃO DE ESGOTO - RAMAIS DE DESCARGA, RAMAIS DE ESGOTO E SUBCOLETORES",null,null,0,0]
["17.9.1","431826-9","Tubo pvc, serie normal, esgoto predial, dn 40 mm, fornecido e instalado em ramal de descarga ou ramal de esgoto sanitário. ","m",40,22.049999999999997,882]
["17.9.2","438798-8","Rasgo em alvenaria para ramais/ distribuição com diâmetros menores ou iguais a 40 mm. ","m",40,14.64,585.6]
["17.9.3","430394-6","Fornecimento e assentamento de tubos de PVC rígidos soldáveis diâmetro 40mm para coletores e sub-coletores de esgoto ou águas pluviais, inclusive abertura e fechamento de valas. ","m",20,20.04,400.8]
["17.9.4","431827-7","Tubo pvc, serie normal, esgoto predial, dn 50 mm, fornecido e instalado em ramal de descarga ou ramal de esgoto sanitário.","m",30,27.799999999999997,834]
["17.9.5","397757-9","Fornecimento e instalação de tubulação PVC esgoto predial Ø 50mm, para coletores ou sub-coletores de esgoto ou águas pluviais, inclusive abertura e fechamento de valas.","m",10,46.18,461.8]
["17.9.6","431828-5","Tubo pvc, serie normal, esgoto predial, dn 75 mm, fornecido e instalado em ramal de descarga ou ramal de esgoto sanitário. ","m",80,34.6,2768]
["17.9.7","464533-2","Tubulação PVC esgoto predial Ø 75mm, para coletores ou sub-coletores de esgoto ou águas pluviais, inclusive abertura e fechamento de valas.","m",20,49.760000000000005,995.2]
["17.9.8","462487-4","Rasgo em alvenaria para ramais/ distribuição com diâmetros maiores que 40 mm e menores ou iguais a 75 mm. ","m",50,15.76,788]
["17.9.9","431824-2","Tubo pvc, serie normal, esgoto predial, dn 100 mm, fornecido e instalado em ramal de descarga ou ramal de esgoto sanitário.","m",60,38.75,2325]
["17.9.10","489514-2","Rasgo em alvenaria para ramais/ distribuição com diâmetros igual a 100mm","m",90,16.989999999999998,1529.1]
["17.9.11","436154-7 ","Fornecimento e assentamento de tubos de PVC rígidos soldáveis diâmetro 100mm para coletores e sub-coletores de esgoto ou águas pluviais, inclusive abertura e fechamento de valas.  ","m",30,51.13,1533.9]
["17.10",null,"TUBOS DE QUEDA DE ESGOTO",null,null,0,0]
["17.10.1","440081-0","Tubo pvc, serie normal, esgoto predial, dn 100 mm, fornecido e instalado em prumada de esgoto sanitário ou ventilação. ","m",40,29.270000000000003,1170.8]
["17.11",null,"RAMAIS DE VENTILAÇÃO DE ESGOTO",null,null,0,0]
["17.11.1","432374-2","Tubo pvc, serie normal, esgoto predial, dn 50 mm, fornecido e instalado em prumada de esgoto sanitário ou ventilação.","m",20,13.39,267.8]
["17.12",null,"COLUNAS E BARRILETE DE VENTILAÇÃO DE ESGOTO",null,null,0,0]
["17.12.1","432374-2","Tubo pvc, serie normal, esgoto predial, dn 50 mm, fornecido e instalado em prumada de esgoto sanitário ou ventilação.","m",20,13.39,267.8]
["17.12.2","440987-6","Tubo pvc, serie normal, esgoto predial, dn 75 mm, fornecido e instalado em prumada de esgoto sanitário ou ventilação.","m",80,22.650000000000002,1812]
["17.12.3","440081-0","Tubo pvc, serie normal, esgoto predial, dn 100 mm, fornecido e instalado em prumada de esgoto sanitário ou ventilação. ","m",10,29.270000000000003,292.7]
["17.13",null,"CAPTAÇÃO DE ÁGUA PLUVIAL DA COBERTA E DRENOS DOS AR-CONDICIONADOS",null,null,0,0]
["17.13.1","470097-0","Fornecimento e instalação de ralo hemisférico em plástico diâmetro de 100mm.","un",12,48.099999999999994,577.20000000000005]
["17.13.2","470096-1","Fornecimento e instalação de ralo hemisférico em plástico diâmetro de 75mm.","un",3,42.65,127.95]
["17.13.3","442057-8","Tubo pvc, série R, água pluvial, dn 100mm, fornecido e instalado em condutores verticais de águas pluviais.","m",60,32.769999999999996,1966.2]
["17.13.4","436154-7 ","Fornecimento e assentamento de tubos de PVC rígidos soldáveis diâmetro 100mm para coletores e sub-coletores de esgoto ou águas pluviais, inclusive abertura e fechamento de valas.  ","m",15,51.13,766.95]
["17.13.5","203183-3","Fornecimento e assentamento de tubos serie R diâmetro 100mm para coletores e sub-coletores de esgoto ou águas pluviais, inclusive abertura e fechamento de valas.  ","m",100,64.27000000000001,6427]
["17.13.6","498101-4","Tubo pvc, série R, água pluvial, dn 75mm, fornecido e instalado em condutores verticais de águas pluviais. ","m",5,26.35,131.75]
["17.13.7","464533-2","Fornecimento e assentamento de tubos de PVC rígidos soldáveis diâmetro 75 mm para coletores e sub-coletores de esgoto ou águas pluviais, inclusive abertura e fechamento de valas.  ","m",15,73.180000000000007,1097.7]
["17.13.8","428785-1","Tubo pvc, série r, água pluvial, dn 40 mm, fornecido e instalado em ramal de encaminhamento.","m",150,17.04,2556]
["17.13.9","591467-1","Tubo pvc, série r, água pluvial, com isotubo,  dn 50 mm, fornecido e instalado em ramal de encaminhamento.","m",100,27.979999999999997,2798]
["17.13.10","478126-0","Fornecimento e instalação de Calha em chapa de alumínio, e=3mm, desenvolvimento de 1,00m.","m",41,482.52000000000004,19783.32]
["17.13.11","517395-7","Calha de beiral, semicircular de pvc, diâmetro 125 mm, incluindo cabeceiras, emendas, bocais, suportes e vedações, excluindo condutores, incluso transporte vertical. (DEA Café)","m",5,160.79000000000002,803.95]
["17.14",null,"LOUÇAS E METAIS SANITÁRIOS",null,null,0,0]
["17.14.1","432026-3","Vaso sanitário sifonado com caixa acoplada louça branca - fornecimento e instalação.","un",11,409.11,4500.21]
["17.14.2","438607-8","Fornecimento e fixação de assento para bacia sanitária PP com caixa acoplada Confort Vogue Plus ou equivalente.","un",11,302.87,3331.57]
["17.14.3","457548-2","Vaso sanitário sifonado convencional para PCD sem furo frontal com louça branca sem assento -  fornecimento e instalação. ","un",4,631.61999999999989,2526.48]
["17.14.4","438607-8","Fornecimento e fixação de assento para bacia sanitária sem abertura frontal, fabricante Celite, linha Acesso Confort ou equivalente.","un",4,276.06,1104.24]
["17.14.5","591476-0","Fornecimento de válvula de descarga com acabamento linha ECO Conforto, Hydra ou equivalente. (Wc PCD masc. Térreo, Wc PCD 1º, 2º e 3º pav.)","un",4,1136.1400000000001,4544.5600000000004]
["17.14.6","465306-8","Fornecimento de  ducha higiênica Fabrimar linha Aquarius 2195-A ou equivalente, inclusive fixação. (Wc PCD masc. Térreo, Wc PCD 1º, 2º e 3º pav.)","un",4,329.25,1317]
["17.14.7","315168-9","Fornecimento e assentamento de mictório de louça branca com sifão integrado e medida 33x28x53cm ferragens em metal cromado, registro de pressão 1416 de 1/2\" e tubo de ligação 1/2\".","un",3,408.57,1225.71]
["17.14.8","456665-3","Fornecimento de válvula de escoamento metálica para descarga para mictório  fabricação DOCOL ou equivalente, inclusive fixação.","un",3,269.53999999999996,808.62]
["17.14.9","506299-3","Cuba de embutir oval em louça branca, 35x50cm ou equivalente, incluso válvula em metal cromado, engate em aço inox e sifão flexível em pvc - fornecimento e instalação. (Wc Fem e masc. 1º, 2º e 3º pav., café e terraço descoberto)","un",12,293.83999999999997,3526.08]
["17.14.10"," 442617-7","Fornecimento e instalação de torneira de mesa para lavatório acionamento manual e fechamento automático, Fabrimar ou equivalente.","un",12,154.20999999999998,1850.52]
["17.14.11","403934-3","Fornecimento e instalação de cuba retangular de semi-encaixe, cor branca, medindo 36,5x33,0cm, fabricação Deca ou equivalente, inclusive válvula de escoamento cromada, engate flexível e sifão cromado. (Wc fem térreo e Wc´s 4º pav.) ","un",3,999.37,2998.11]
["17.14.12","430699-6","Fornecimento e assentamento de lavatório de canto em louça branca suspenso, linha MasterL76 Deca ou equivalente, inclusive válvula de escoamento, engate flexível, sifão. ","cj",3,236.21,708.63]
["17.14.13","203038-1","Fornecimento de torneira de pressão para lavatório linha Benefit, fabricação Docol ou equivalente. (wc Especial).","un",4,911.65000000000009,3646.6]
["17.14.14","397627-0","Fornecimento e assentamento de lavatório de canto Celite, COD. 04013, ou equivalente.","cj",1,255.72,255.72]
["17.14.15","430461-6","Fornecimento e instalação de cuba de aço inox retangular ref. Lavínia 47, fabricação Tramontina ou equivalente, inclusive válvula de escoamento cromada, engate flexível e sifão cromado.","un ",3,604.46,1813.38]
["17.14.16","295050-2","Fornecimento e instalação de TORNEIRA cromada tubo móvel parede para cozinha, ref. 1168, linha ASCOT, fabricação Fabrimar ou equivalente. (COPA)","un ",3,129.93,389.79]
["17.14.17","436213-6 ","Fornecimento de torneira amarela para jardim, diâmetro 3/4 pol., inclusive fixação.","un",1,54.709999999999994,54.71]
["17.14.18","566453-5","Fornecimento e instalação de chuveiro elétrico blindado, com controle de temperatura, material plástico, dispositivo DR - potência 6.500w.","un",4,333.82,1335.28]
["17.15",null,"ACESSÓRIOS /ACABAMENTO PARA WC´S",null,null,0,0]
["17.15.1","209858-0","Fornecimento e assentamento de saboneteira plástica de parede, tipo dispenser para sabonete líquido, com reservatório de 800 a 1.500ml.","un",17,85.92,1460.64]
["17.15.2"," 467889-3","Fornecimento e assentamento de porta papel toalha, toalheiro em plástico ABS, para papel toalha interfolheado da SANTHER, MILCLEAN, Laleka da DIXHIGIENE ou equivalente.","un",16,99.210000000000008,1587.36]
["17.15.3","505990-9","Fornecimento com instalação de  dispenser para papel higiênico de rolo 300m (papeleira de sobrepor) da  SANTHER, MILCLEAN, Lalekla da DIXHIGIENE ou equivalente. ","un",15,100.52,1507.8]
["17.15.4","429778-4  ","Fornecimento de espelho cristal 4mm, colocado sobre chapas de isopor, fixado com parafuso de latão, inclusive assentamento.","m²",17,412.26,7008.42]
["17.15.5","444631-3","Fornecimento e assentamento de barra vertical de apoio, em aço inox polido, Wc PCD, diâmetro de 1 1/2\", L= 0,40m de comprimento, fixada na parede com parafusos, conforme NBR 9050. (Wc PCD masc. Térreo, Wc PCD 1º, 2º e 3º pav.)","un",8,144.9,1159.2]
["17.15.6","461662-6","Fornecimento e assentamento de barra vertical de apoio, em aço inox polido, Wc PCD, diâmetro de 1 1/2\", L= 0,70m de comprimento, fixada na parede com parafusos, conforme NBR 9050. (Wc PCD masc. Térreo, Wc PCD 1º, 2º e 3º pav.)","un",4,211.44,845.76]
["17.15.7","461916-1","Fornecimento e assentamento de barra horizontal de apoio lateral, em aço inox polido, Wc PCD, diâmetro de 1 1/2\", L= 0,80m de comprimento fixada na parede com parafusos, conforme NBR 9050. (Wc PCD masc. Térreo, Wc PCD 1º, 2º e 3º pav.)","un",8,223.1,1784.8]
["17.16",null,"CAIXAS DE GORDURA, COLETORA, SUB-COLETORA E OUTRAS DO DESTINO FINAL DE ESGOTO",null,null,0,0]
["17.16.1","436177-6 ","Caixa coletora de inspeção ou de areia com paredes em alvenaria, laje de tampa e de fundo em concreto, revestida internamente com argamassa de cimento e areia 1:4, dimensões internas 0,60 x 0,60m, com profundidade até 1,0m.","un",9,808.55,7276.95]
["17.16.2","523632-0","Caixa de gordura dupla (capacidade: 126 l), retangular, em alvenaria com tijolos cerâmicos maciços, dimensões internas = 0,4x0,7 m, altura interna = 0,8 m. ","un",1,624.53,624.53]
[18,null,"RESERVATÓRIOS",null,null,0,0]
["18.1",null,"ADEQUAÇÃO DO RESERVATÓRIO SUPERIOR / ABERTURA LAJE PARA PASSAGEM DO ELEVADOR",null,null,0,0]
["18.1.1","432286-0","Armação de laje de uma estrutura convencional de concreto armado utilizando aço CA-50 de 6,3 mm - montagem.","kg",7,14.52,101.64]
["18.1.2","440995-7","Armação de laje de uma estrutura convencional de concreto armado utilizando aço CA-50 de 8.0 mm - Montagem. ","kg",15,13.76,206.4]
["18.1.3","461658-8","Armação de laje de uma estrutura convencional de concreto armado utilizando aço CA-50 de 12.5 mm - Montagem. ","kg",10,10.36,103.6]
["18.1.4"," 434459-6","Forma plana para estruturas/paredes, em compensado plastificado de 12mm, 04 usos, inclusive escoramento","m²",5.59,81.56,455.92]
["18.1.5","505491-5","Concretagem de vigas, lajes e escadas, fck=35 mpa, para lajes maciças ou nervuradas com uso de bomba em edificação com área média de lajes maior que 20 m² - lançamento, adensamento e acabamento. ","m³",0.4,553.92000000000007,221.56]
["18.2",null,"RESERVATÓRIO INFERIOR",null,null,0,0]
["18.2.1","592223-2","Limpeza de reservatório","m²",104.59,14.93,1561.52]
["18.2.2","591494 - 9","Concretagem de edificações (paredes e lajes) feitas com sistema de fôrmas manuseáveis, com concreto usinado autoadensável fck 35 mpa - Incluindo lançamento. ADIÇÃO AUTOCICATRIZANTE PARA IMPERMEABILIZAÇÃO E PROTEÇÃO PARA O CONCRETO.","m³",8.81,641.73,5653.64]
["18.2.3","488361-6","Fabricação, montagem e desmontagem de fôrma para viga baldrame, em chapa de madeira compensada resinada, e=17 mm, 4 utilizações. ","m²",45.04,98.18,4422.0200000000004]
["18.2.4","591496-5","Controle Tecnológico do Concreto com ensaio de compressão de corpos de prova cilíndricos (NBR 5739)/2007, com transporte para o laboratório realizado pelo cliente.","un",6,19.04,114.24]
["18.2.5","534918-4","Armação para execução de radier, piso de concreto ou laje sobre solo, com uso de tela Q-92. af_09/2021","Kg",196.2,17.329999999999998,3400.14]
["18.2.6","440995-7","Armação de laje de uma estrutura convencional de concreto armado em um edifício de múltiplos pavimentos utilizando aço CA-50 de 8.0 mm - Montagem. (Reforço na abertura da laje existente)","kg",6,13.76,82.56]
["18.2.7","591497-3","Fornecimento e aplicação de fita hidroexpansiva para tratamento de juntas de concretagem com controle de expansão ou equivalente.","m",29,55.5,1609.5]
[19,null,"INSTALAÇÃO DE PROTEÇÃO E COMBATE À INCÊNDIO",null,null,0,0]
["19.1",null,"EXTINTOR DE INCÊNDIO",null,null,0,0]
["19.1.1","440056-9","Extintor de incêndio portátil com carga de PQS de 6 kg, classe BC - fornecimento e instalação.","un",12,248.73000000000002,2984.76]
["19.1.2","520895-5","Extintor de incêndio portátil com carga de CO2 de 6 KG, classe BC - fornecimento e instalação.","un",3,695.58999999999992,2086.77]
["19.1.3","512822-6","Fornecimento e instalação de placa de sinalização certificada indicativa de extintor, em PVC 2mm, medindo 20X20cm. ","un",15,44.85,672.75]
["19.1.4","527626-8","Pintura de demarcação de vaga com tinta acrílica, e = 10 cm, aplicação manual(sinalização de piso dos equipamentos de combate a incêndio ).","m",60,4.46,267.60000000000002]
["19.2",null,"SISTEMA DE SINALIZAÇÃO DE EMERGÊNCIA",null,null,0,0]
["19.2.1","491851-7","Fornecimento e instalação de placa de sinalização de segurança contra incêndio, fotoluminescente, retangular, *13 x 26* cm, em pvc *2* mm anti-chamas (símbolos, cores e pictogramas conforme NBR 13434),  saída lateral vermelha.","un",21,39.949999999999996,838.95]
["19.2.2","506611-5","Fornecimento e instalação de placa de sinalização de segurança contra incêndio, fotoluminescente, retangular, *20 x 40* cm, em pvc *2* mm anti-chamas (símbolos, cores e pictogramas conforme NBR 13434), conforme projeto.","un",8,66.989999999999995,535.91999999999996]
["19.3",null,"SISTEMA DE ILUMINAÇÃO DE EMERGÊNCIA",null,null,0,0]
["19.3.1","532353-3","Luminária de emergência, com 30 lâmpadas LEDs de 2W, sem reator, de aclaramento - fornecimento e instalação","un",33,29.340000000000003,968.22]
["19.4",null,"SISTEMA DE HIDRANTE OU MANGOTINHO",null,null,0,0]
["19.4.1","591813-8","Fornecimento e instalação de hidrante predial composto de 01 abrigo para 02 (duas) mangueiras de 38mm, 01 esguicho regulável de 40mm, adaptador e chave storz.","un",5,2413.61,12068.05]
["19.4.2","450906-4","Fornecimento de indicador visual sonoro, fab. Apollo ou equivalente.               ","un",5,194.07,970.35]
["19.4.3","587481-5","Fornecimento de acionador manual endereçável, fab. Apollo ou equivalente            ","un",5,88.9,444.5]
["19.4.4","427764-3","Fornecimento de tubo de ferro galvanizado, dn 4\", inclusive conexões para colunas de água, para hidrante.","m",15,297.37,4460.55]
["19.4.5","506988-2","Fornecimento de tubo de ferro galvanizado, dn 3\", inclusive conexões para colunas de água, para hidrante.","m",60,218.37,13102.2]
["19.4.6","427708-2","Fornecimento de tubo de ferro galvanizado, de 2 1/2\", inclusive conexões para colunas de água, para hidrante.","m",15,207.67000000000002,3115.05]
["19.4.7","592065-5","Bomba para sistema de combate a incêndio, potência 20 CV com vazão de 73m³/h, pressão 39 m.c.a. e rendimento (n)= 0,60, incluso o Manômetro 1.1/2\", Pressostato e válvula globo 1.1/2\" - fornecimento e instalação.","un",2,12239.35,24478.7]
["19.4.8","592066-3","Bomba para sistema de combate a incêndio, potência 1 CV com vazão de 1m³/h, pressão 52 m.c.a. e rendimento (n)= 0,60, incluso o Manômetro 1.1/2\", Pressostato e válvula globo 1.1/2\" - fornecimento e instalação.","un",1,1192.0800000000002,1192.08]
["19.4.9","515359-0","Válvula de Retenção horizontal, de bronze, roscável, 2\" - fornecimento e instalação.","un",2,376.40000000000003,752.8]
["19.4.10","525393-4","Válvula de Retenção horizontal, de bronze, roscável, 3\" - fornecimento e instalação.","un",6,738.04,4428.24]
["19.4.11","436229-2","Fornecimento de registro de gaveta bruto, diâmetro 3 pol., inclusive fixação.","un",5,369.07,1845.35]
["19.4.12","401327-1","Fornecimento de registro de gaveta bruto, diâmetro 4 pol., inclusive fixação.","un",3,692.97,2078.91]
["19.4.13","518717-6","Fornecimento e instalação de chave de fluxo de 3\". (Incêndio)","un",1,1632.1299999999999,1632.13]
["19.4.14","521506-4","Hidrante subterrâneo predial (com curva longa e caixa), dn 75 mm - fornecimento e instalação.","un",1,3240.3,3240.3]
["19.4.15","398139-8","Tubo de aço galvanizado com costura de 1 1/2\", inclusive conexão - fornecimento e instalação.","m",10,135.05000000000001,1350.5]
["19.5",null,"SISTEMA DE DETECÇÃO E DE ALARME DE INCÊNDIO",null,null,0,0]
["19.5.1","535521-4","Fornecimento de detector de fumaça endereçável com base, fab. Apollo ou equivalente.        ","un",36,219.22,7891.92]
["19.5.2","488924-0","Fornecimento de detector térmico endereçável com base, fab. Apollo ou equivalente                ","un",2,219.22,438.44]
["19.5.3","464778-5","Fornecimento e instalação de cabo para sinal e detecção de incêndio  em par trançado, inclusive dreno shieldado, acabamento em PVC Prysmian, Lipperfil ou equivalente, CTR FLEX BL FT COBRE 2x1,5mm², 500V preto NBR 7289.","m",460,13.86,6375.6]
["19.5.4","424724-8","Central eletrônica inteligente de detecção e alarme de incêndio, de 24 Vcc, com capacidade para 6 laços do sistema de detecção e módulos de expansão das chaves de fluxo, compatível com os pontos de detecção e acionadores endereçáveis do projeto, inclusive as placas de laço, de fabricação Apolo ou equivalente, inclusive instalação e treinamento. ","un",1,1828.07,1828.07]
["19.6",null,"SISTEMA DE SPRINKLER",null,null,0,0]
["19.6.1","427818-6","Tubo de aço galvanizado com costura de 1\", inclusive conexão - fornecimento e instalação.","m",160,111.61,17857.599999999999]
["19.6.2","398139-8","Tubo de aço galvanizado com costura de 1 1/2\", inclusive conexão - fornecimento e instalação.","m",70,135.05000000000001,9453.5]
["19.6.3","427821-6","Tubo de aço galvanizado com costura de 2\", inclusive conexão - fornecimento e instalação.","m",9,172.12,1549.08]
["19.6.4","472968-4","Tubo de aço galvanizado com costura de 2 1/2\", inclusive conexão - fornecimento e instalação.","m",9,203.93,1835.37]
["19.6.5","398140-1","Tubo de aço galvanizado com costura de 3\", inclusive conexão - fornecimento e instalação.","m",15,241.31,3619.65]
["19.6.6","501954-0","Sprinkler tipo pendente, 68 °c, união por rosca dn 15 (1/2\") - fornecimento e instalação.","un",43,29.880000000000003,1284.8399999999999]
["19.6.7","401325-5","Registro de gaveta bruto, latão, roscável 3”, fornecimento e instalação.","un",5,304.72000000000003,1523.6]
["19.6.8","518717-6","Fornecimento e instalação de chave de fluxo de 3\". (Incêndio)","un",5,1632.1299999999999,8160.65]
["20.",null,"Instalações Elétricas",null,null,0,0]
["20.1.1",null,"CONDUTOS",null,null,0,0]
["20.1.1.1","203501-4","Eletroduto de PVC rígido rosqueável de 3/4\", com luva de rosca interna e acessórios, assentado em valas com profundidade de 0,60m, inclusive escavação e reaterro. Fornecimento e instalação.","m",3.2,83.09,265.88]
["20.1.1.2","398125-8","Eletroduto flexível corrugado de PVC, DN 25mm (3/4\"), instalado em parede. Fornecimento e instalação.","m",6.1,15.71,95.83]
["20.1.1.3","591577-5","Eletroduto em ferro galvanizado rosca de 3/4\", leve, incluíndo curvas, abraçadeira tipo cunha e acessórios de fixação, instalação de sobrepor em parede de alvenaria/drywall. Fornecimento e instalação.","m",1477,30.62,45225.74]
["20.1.1.4","591580-5","Eletroduto em ferro galvanizado rosca de 3/4\", leve, incluíndo curvas, abraçadeira tipo cunha e acessórios de fixação, instalação de sobrepor em estrutura metálica. Fornecimento e instalação.","m",50,22.78,1139]
["20.1.1.5","591591-0","Eletroduto em ferro galvanizado rosca de 3/4\", leve, incluíndo curvas, abraçadeira tipo cunha e acessórios de fixação, instalação de sobrepor em laje. Fornecimento e instalação.","m",111.5,21.96,2448.54]
["20.1.1.6","591595-3","Eletroduto em ferro galvanizado rosca de 1\", leve, incluíndo curvas, abraçadeira tipo cunha e acessórios de fixação, instalação de sobrepor em parede de alvenaria/drywall. Fornecimento e instalação.","m",678.1,56.480000000000004,38299.08]
["20.1.1.7","591597-0","Eletroduto em ferro galvanizado rosca de 1.1/2\", leve, incluíndo curvas, abraçadeira tipo cunha e acessórios de fixação, instalação de sobrepor em parede de alvenaria. Fornecimento e instalação.","m",63.3,98.22,6217.32]
["20.1.1.8","591599-6","Eletroduto em ferro galvanizado rosca de 1.1/2\", leve, incluíndo curvas, abraçadeira tipo cunha e acessórios de fixação, instalação de sobrepor em laje. Fornecimento e instalação.","m",65.599999999999994,111.03999999999999,7284.22]
["20.1.1.9","591600-3","Eletroduto em ferro galvanizado rosca de 2\", leve, incluíndo curvas, abraçadeira tipo cunha e acessórios de fixação, instalação de sobrepor em laje. Fornecimento e instalação.","m",5.8,114.62,664.79]
["20.1.1.10","591593-7","Eletroduto em ferro galvanizado rosca de 3\", leve, incluíndo curvas, abraçadeira tipo cunha e acessórios de fixação, instalação de sobrepor em parede de alvenaria. Fornecimento e instalação.","m",10,252.10999999999999,2521.1]
["20.1.1.11"," 377572-0","Eletroduto metálico flexível 1\" (seal tube)","m",46.5,31.130000000000003,1447.54]
["20.1.1.12","591602-0","Eletrocalha perfurada, galvanizada, em chapa 18, dim.: 75x50mm, inclusive acessórios de derivação e fixação. Fornecimento e instalação.                        ","m",46.8,99.009999999999991,4633.66]
["20.1.1.13","591604-6","Eletrocalha perfurada, galvanizada, em chapa 18, dim.: 100x50mm, com divisória, inclusive acessórios de derivação e fixação. Fornecimento e instalação.                        ","m",1205.5999999999999,87.8,105851.68]
["20.1.1.14","591605-4","Eletrocalha perfurada, galvanizada, em chapa 18, dim.: 200x50mm, inclusive acessórios de derivação e fixação. Fornecimento e instalação.                        ","m",10.7,127.3,1362.11]
["20.1.2",null,"CONDUTORES",null,null,0,0]
["20.1.2.1","591606-2","Cabo de cobre flexível, classe 4 ou 5, seção nominal de 25mm², 0,6/1KV . Fornecimento e instalação.","m",39,24.18,943.02]
["20.1.2.2","591607-0","Cabo de cobre flexível, classe 4 ou 5, seção nominal de 16mm², 0,6/1KV . Fornecimento e instalação.","m",594.9,14.399999999999999,8566.56]
["20.1.2.3","591608 - 9","Cabo de cobre flexível, classe 4 ou 5, seção nominal de 35mm², 0,6/1kV. Fornecimento e instalação","m",58.5,33.28,1946.88]
["20.1.2.4","591610-0","Cabo de cobre flexível, classe 4 ou 5, seção nominal de 4mm², 0,6/1KV. Fornecimento e instalação.","m",279.2,6.5,1814.8]
["20.1.2.5","591611-9","Cabo de cobre flexível, classe 4 ou 5, seção nominal de 50mm², 0,6/1kV - 70ºC, com isolamento em composto termoplástico não halogenado. Fornecimento e instalação.","m",202.6,48.13,9751.1299999999992]
["20.1.2.6","591613-5","Cabo de cobre flexível, classe 4 ou 5, seção nominal de 95mm², 0,6/1kV - 70ºC, com isolamento em composto termoplástico não halogenado. Fornecimento e instalação.","m",187.7,86.15,16170.35]
["20.1.3",null,"QUADROS/PROTEÇÃO",null,null,0,0]
["20.1.3.1","591615-1","Quadro de distribuição com barramento trifásico de sobrepor, em chapa de aço galvanizado para 30 disjuntores DIN, 250A, inclusive disjuntor. Fornecimento e instalação.","cj",3,4458.3300000000008,13374.99]
["20.1.3.2","591616-0","Quadro de distribuição de energia de sobrepor, em chapa metálica, para 42 disjuntores termomagnéticos monopolares, padrão DIN, com barramento trifásico (100A), guia para disjuntor geral e barras de neutro e terra. Fornecimento e instalação.","und",1,1008.6899999999999,1008.69]
["20.1.3.3","591617-8","Quadro de distribuição de energia de sobrepor, em chapa metálica, para 28 disjuntores termomagnéticos monopolares, padrão DIN, com barramento trifásico (100A), guia para disjuntor geral e barras de neutro e terra e demais acessórios. Fornecimento e instalação.","und",3,465.82,1397.46]
["20.1.3.4","591618-6","Quadro de distribuição de energia de sobrepor, em PVC, para 12 disjuntores termomagnéticos monopolares, padrão DIN, com barras de neutro e terra e demais acessórios. Fornecimento e instalação.","und",2,460.64,921.28]
["20.1.3.5","484169-7","Disjuntor termomagnético tripolar, corrente nominal de 10A, padrão DIN, Siemens ou equivalente. Fornecimento e instalação. ","und",1,86.490000000000009,86.49]
["20.1.3.6","203844-7","Disjuntor termomagnético tripolar, corrente nominal de 50A, padrão DIN, Siemens ou equivalente, incluindo terminais à compressão. Fornecimento e instalação. ","und",2,106.78999999999999,213.58]
["20.1.3.7","203845-5","Disjuntor termomagnético tripolar, corrente nominal de 63A,  padrão DIN, Siemens ou equivalente, incluindo terminais à compressão. Fornecimento e instalação. ","und",10,135.57,1355.7]
["20.1.3.8","411739-5","Disjuntor termomagnético tripolar, corrente nominal de 70A,  padrão DIN, Siemens ou equivalente, incluindo terminais à compressão. Fornecimento e instalação. ","und",4,149.62,598.48]
["20.1.3.9","592075-2","Disjuntor termomagnético tripolar, corrente nominal de 16A,  padrão DIN, Siemens ou equivalente, incluindo terminais à compressão. Fornecimento e instalação. ","und",2,77.900000000000006,155.80000000000001]
["20.1.3.10","592077-9","Disjuntor termomagnético tripolar, corrente nominal de 120A, 35kA, padrão DIN, Siemens ou equivalente, incluindo terminais à compressão. Fornecimento e instalação. ","und",1,453.85,453.85]
["20.1.3.11","592176-7","Disjuntor termomagnético tripolar, corrente nominal de 25A, padrão DIN, Siemens ou equivalente, incluindo terminais à compressão. Fornecimento e instalação. ","und",3,81.78,245.34]
["20.1.3.12","592079-5","Disjuntor termomagnético tripolar, corrente nominal de 175A, 35kA, Siemens ou equivalente, incluindo acessórios. Fornecimento e instalação. ","und",2,876.43999999999994,1752.88]
["20.1.3.13","589323-2","Disjuntor termomagnético monopolar, corrente nominal de 6A a 16A, padrão DIN, Siemens ou equivalente, incluindo terminal à compressão. Fornecimento e instalação. ","und",44,35.85,1577.4]
["20.1.3.14","414083-4","Disjuntor termomagnético monopolar, corrente nominal de 25A, padrão DIN, Siemens ou equivalente, incluindo terminal à compressão. Fornecimento e instalação. ","und",60,14.379999999999999,862.8]
["20.1.3.15","219829-0","Disjuntor termomagnético monopolar, corrente nominal de 32A, padrão DIN, Siemens ou equivalente, incluindo terminal à compressão. Fornecimento e instalação. ","und",1,15.959999999999999,15.96]
["20.1.3.16","592125-2","Disjuntor termomagnético tripolar, corrente nominal de 32A, padrão DIN, Siemens ou equivalente, incluindo terminais à compressão. Fornecimento e instalação. ","und",1,87.820000000000007,87.82]
["20.1.3.17","566549-3","Interruptor diferencial Residual (DR) bipolar de 25A, In 30mA, Siemens ou equivalente, inclusive  terminais a compressâo em cobre estanhado. Fornecimento e instalação.","und",7,156.69,1096.83]
["20.1.3.18","508865-8","Dispositivo DPS Classe II, 1 polo, 275V, 45kA, incluindo terminais a compressâo em cobre estanhado. Fornecimento e instalação.","und",6,134.6,807.6]
["20.1.4",null,"CAIXAS/CONDULETES",null,null,0,0]
["20.1.4.1","396636-4","Caixa retangular 4x2\", em PVC, para instalação em drywall. Fornecimento e instalação","und",2,19.18,38.36]
["20.1.4.2","564436-4","Caixa retangular 4x2\", em PVC, instalada em alvenaria. Fornecimento e instalação","und",38,11.879999999999999,451.44]
["20.1.4.3","592228-3","Condulete Metálico tipo X  4x2\" rosca 3/4\", dois conectores metálicos rosca 3/4\" e 2 tampões, instalação aparente. Fornecimento e instalação","und",669,42.370000000000005,28345.53]
["20.1.4.4","403114-8","Condulete de alumínio com tampa, tipo C, para eletroduto metálico roscável de 3/4\", aparente, inclusive acessórios de fixação. Fornecimento e instalação.","und",1,29.560000000000002,29.56]
["20.1.4.5","508309-5","Condulete de alumínio com tampa, tipo L, para eletroduto metálico roscável de 3/4\", aparente, inclusive acessórios de fixação. Fornecimento e instalação.","und",309,30.520000000000003,9430.68]
["20.1.4.6","579156-1","Condulete de alumínio com tampa, tipo T, para eletroduto metálico roscável de 3/4\", aparente, inclusive acessórios de fixação. Fornecimento e instalação.","und",35,33.6,1176]
["20.1.4.7","508308-7","Condulete de alumínio com tampa, tipo L, para eletroduto metálico roscável de 1\", aparente, inclusive acessorios de fixação. Fornecimento e instalação.","und",136,42.8,5820.8]
["20.1.4.8","497496-4","Condulete de alumínio com tampa, tipo T, para eletroduto metálico roscável de 1\", aparente, inclusive acessorios de fixação. Fornecimento e instalação.","und",25,47.43,1185.75]
["20.1.4.9","508309-5","Condulete de alumínio com tampa, tipo L, para eletroduto metálico roscável de 1.1/2\", aparente, inclusive acessórios de fixação. Fornecimento e instalação.","und",13,86.05,1118.6500000000001]
["20.1.4.10"," 508076-2","Condulete de alumínio com tampa, tipo T, para eletroduto roscável de 1.1/2\", aparente, inclusive acessorios de fixação. Fornecimento e instalação.","und",9,76.81,691.29]
["20.1.4.11","566482-9","Condulete de alumínio com tampa, tipo T, para eletroduto metálico roscável de 2\", aparente, inclusive acessorios de fixação. Fornecimento e instalação.","und",3,92.289999999999992,276.87]
["20.1.4.12","592200-3","Redução condulete metálico de 1\" para 3/4\"","m",5,19.96,99.8]
["20.1.4.13","592201-1","Redução condulete metálico de 1.1/2\" para 1\"","m",6,33.58,201.48]
["20.1.4.14","592202-0","Redução condulete metálico de 2\" para 1\"","und",1,31.93,31.93]
["20.1.4.15","592203-8","Redução condulete metálico de 2\" para 1.1/2\"","und",3,45.5,136.5]
["20.1.4.16","410151-0","Caixa de passagem PVC 4x4, embutir com tampa cega, na cor branca, linha Pial Plus ou equivalente. Fornecimento e instalação","und",1,15.16,15.16]
["20.1.5",null,"DIVERSOS",null,null,0,0]
["20.1.5.1","436045-1","Chave de boia automática superior/inferior 15A/250V. Fornecimento e instalação.","und",5,80.930000000000007,404.65]
["20.1.5.2","592217-8","Quadro Elétrico de Proteção/Comando para 01 bomba dágua de 5CV","und",1,1653.23,1653.23]
["20.1.5.3","592218-6","Quadro Elétrico de Proteção/Comando para 02 bomba de incêndio de 20CV e 01 bomba jockey de 5CV","und",1,10329.24,10329.24]
["20.1.5.4","592253-4","Botoeira para acionamento de Moto Bomba","und",1,165.85,165.85]
["20.1.6",null,"PONTOS",null,null,0,0]
["20.1.6.1","592231-3","Ponto de luz em teto ou parede (aparente), composto por fiação em cabo de cobre flexível de 2,5mm², com isolação em PVC,antichama, classe térmica 70° C  equivalente (Não-Halogenado), isolação 750V. Fornecimento e instalação.","pt",241,90.87,21899.67]
["20.1.6.2","592414-6","Ponto para interruptor simples de uma seção em alvenaria de embutir, composto por fiação em cabo de cobre flexível de 2,5mm², com isolação em PVC, antichama e classe térmica 70° C  isolação 750V.  Fornecimento e instalação. ","pt",7,26.21,183.47]
["20.1.6.3","592414-6","Ponto para interruptor simples de uma seção de embutir em drywall, composto por fiação em cabo de cobre flexível de 2,5mm², com isolação em PVC, antichama e classe térmica 70° C  isolação 750V.  Fornecimento e instalação. ","pt",1,26.21,26.21]
["20.1.6.4","592492-8","Ponto para interruptor simples de duas seções em alvenaria, composto por fiação em cabo de cobre flexível de 2,5mm², com isolação em PVC antichama, classe térmica 70° C  isolação 750V, BWF-B.  Fornecimento e instalação. ","pt",8,39.340000000000003,314.72000000000003]
["20.1.6.5","589851-0","Ponto para interruptor simples de uma seção de sobrepor, composto por fiação em cabo de cobre flexível de 2,5mm², com isolação em PVC, antichama e classe térmica 70° C  isolação 750V.  Fornecimento e instalação. ","pt",25,26.21,655.25]
["20.1.6.6","589853-6","Ponto para interruptor simples de duas seção de sobrepor, composto por fiação em cabo de cobre flexível de 2,5mm², com isolação em PVC, antichama e classe térmica 70° C  isolação 750V.  Fornecimento e instalação. ","pt",19,39.340000000000003,747.46]
["20.1.6.7","564513-1","Ponto para interruptor paralelo de uma seção de sobrepor, composto por fiação em cabo de cobre flexível de 2,5mm², com isolação em PVC, antichama,  classe térmica 70° C , isolação 750V, eletroduto de PVC rígido de 3/4\" e acessórios.  Fornecimento e instalação. ","pt",2,39.340000000000003,78.680000000000007]
["20.1.6.8","589854 - 4","Ponto para interruptor simples de três seções de sobrepor, composto por fiação em cabo de cobre flexível de 2,5mm², com isolação em PVC, antichama,  classe térmica 70° C , isolação 750V.  Fornecimento e instalação. ","und",2,52.480000000000004,104.96]
["20.1.6.9","355004-4","Ponto de força para split (condensadora) composto por fiação em cabo de cobre flexível de 4,0mm², com isolação em  PVC, antichama,  e classe térmica 70° C (Afumex, Atox, Afitox ou equivalente (Não-Halogenado), isolação 750V.  Fornecimento e instalação. ","pt",30,794.21,23826.3]
["20.1.6.10","410368-8","Ponto de força para split (condensadora) composto por fiação em cabo de cobre flexível de 6,0mm², com isolação em  PVC, antichama,  e classe térmica 70° C (Afumex, Atox, Afitox ou equivalente (Não-Halogenado), isolação 750V.  Fornecimento e instalação. ","und",1,887.13,887.13]
["20.1.6.11","587074-7","Ponto para tomada 2p+t (simples), composto por fiação em cabo de cobre flexível de 2,5mm², com isolação em PVC ,  e classe térmica 70° C, isolação 750V.  Fornecimento e instalação. ","pt",206,115.08,23706.48]
["20.1.6.12","592389-1","Ponto de comando para chave boia composto por fiação em cabo de cobre flexível de 2,5mm², anti-chama 0,6/1,0 kV, eletroduto de PVC rígido de 3/4\" e acessórios.  Fornecimento e instalação. ","pt",3,440.86,1322.58]
["20.1.6.13","564512-3","Ponto de luz em teto de embutir, composto por fiação em cabo de cobre flexível de 2,5mm², antichama, classe térmica 70° C, isolação 750V.  caixa octogonal e demais acessórios. Fornecimento e instalação.","pt",21,85.32,1791.72]
["20.1.7",null,"TOMADAS/INTERRUPTORES",null,null,0,0]
["20.1.7.1","480029-0","Interruptor simples de embutir de uma seção para caixa 4x2\", composto por suporte, placa para um posto e um módulo de interruptor simples, cor Branca, linha Pialplus ou equivalente. Fornecimento e instalação.","cj",7,27.47,192.29]
["20.1.7.2","592282-8","Interruptor simples de embutir de duas seções para caixa PVC 4x2\", composto por suporte, placa para dois postos e dois módulos de interruptor simples, cor Branca, linha Pialplus ou equivalente. Fornecimento e instalação.","cj",8,37.36,298.88]
["20.1.7.3","458955-6","Interruptor paralelo sobrepor de uma seção para caixa metálica 4x2\", composto por suporte, placa metálica para um posto e um módulo de interruptor paralelo, linha Tramontina ou equivalente. Fornecimento e instalação.","cj",2,34,68]
["20.1.7.4","592284-4","Interruptor simples de sobrepor de uma seção para caixa metálica 4x2\", composto por suporte, placa metálica para um posto e um módulo de interruptor simples, linha Tramontina ou equivalente. Fornecimento e instalação.","cj",25,27.47,686.75]
["20.1.7.5","592285-2","Interruptor simples de sobrepor de duas seções para caixa metálica 4x2\", composto por suporte, placa metálica para dois postos e dois módulos de interruptor simples, linha Tramontina ou equivalente. Fornecimento e instalação.","cj",19,44.010000000000005,836.19]
["20.1.7.6","592340-9","Tomada simples de sobrepor para caixa metálica 4x2\", composta por suporte, placa metálica para um posto e um módulo de tomada 2P+T, 10A, 250V, linha Tramontina ou equivalente. Fornecimento e instalação.","cj",32,31.46,1006.72]
["20.1.7.7","439109-8","Tomada de embutir para caixa 4x2\", composta por suporte, placa para um posto e um módulo de tomada 2P+T, 10A, 250V,  cor Branca, linha Pialplus ou equivalente. Fornecimento e instalação.","cj",13,31.22,405.86]
["20.1.7.8","592344-1","Tomada dupla de embutir para caixa 4x2\", composta por suporte, placa para dois postos e dois módulos de tomada 2P+T, 10A e 20A, 250V,  cor Branca, linha Pialplus ou equivalente. Fornecimento e instalação.","cj",6,59.45,356.7]
["20.1.7.9","592347-6","Tomada dupla de sobrepor para caixa metálica 4x2\", composta por suporte, placa metálica para dois postos e dois módulos de tomada 2P+T, 10A e 20A, 250V,  linha Tramontina ou equivalente. Fornecimento e instalação.","cj",147,108.38,15931.86]
["20.1.7.10","592350-6","Tomada de embutir para caixa PVC 4x2\", para área externa (com tampa), composta por suporte, placa para um posto e um módulo de tomada 2P+T, 10A, 250V,  cor Branca, linha Pialplus ou equivalente. Fornecimento e instalação.","cj",3,181.91,545.73]
["20.1.7.11","592352-2","Tomada de embutir para caixa PVC 4x2\", para área externa (com tampa), composta por suporte, placa para um posto e um módulo de tomada 2P+T, 20A, 250V,  cor Branca, linha Pialplus ou equivalente. Fornecimento e instalação.","und",3,161.51000000000002,484.53]
["20.1.7.12","592353-0","Tomada simples de sobrepor para caixa metálica 4x2\", para área externa (com tampa), composta por suporte, placa metálica para um posto e um módulo de tomada 2P+T, 10A, 250V, linha Tramontina ou equivalente. Fornecimento e instalação.","und",8,122.1,976.8]
["20.1.8",null,"LUMINÁRIAS"]
["20.1.8.1","554731-8","Luminária arandela tipo tartaruga em alumínio na cor preta, com grade, para uma lâmpada base E27, inclusive lâmpada led bulbo de 10W, E27, 220V, 5000K. Fornecimento e instalação.  ","cj",5,90.39,451.95]
["20.1.8.2","592368-9"," Luminária de sobrepor retangular para duas lâmpadas tubulares  LED T8 DE 120cm, com corpo em alumínio e visor em acrílico, acabamento preto acetinado, inclusive lâmpadas. Fornecimento e instalação  ","cj",176,417.44,73469.440000000002]
["20.1.8.3","592372-7","Luminária spot LED Orientável para fixação em eletrocalha, corpo em polímero injetado na cor Preta, refletor em alumínio anodizado de alta pureza e refletância com LED integrado de 11W, foco direcionável 360º e angulação de 64°. Lumicenter ou equivalente. Fornecimento e instalação.","cj",2,119.46,238.92]
["20.1.8.4","556497-2","Luminária circular de embutir aletada para 02 lâmpadas LED bulbo de 11W, com aro de acabamento em chapa de aço pintada, sem vidro, refletor e aletas em alumínio repuxado e anodizado de alta pureza e refletância, soquetes em policarbonato e demais acessórios, inclusive duas lâmpadas led 11W, E27, 220V, 5000K.  Fornecimento e instalação. Cor Preta","cj",21,115.66,2428.86]
["20.1.8.5","592381-6","Luminária arandela externa, IP44, para uma lâmpada LED AR11 de 12W, preta, em alumínio moldado, tipo down light, soquete GU10, 12W, 4000k, 220V, ângulo de abertura 24°, para instalação em parede. Grado Iluminação ou equivalente. Demais acessórios, inclusive lâmpada. Fornecimento e instalação.","cj",3,136.13999999999999,408.42]
["20.1.8.6","592382-4","Luminária arandela interna, IP44, para uma lâmpada LED bulbo de 12W,preta, estrutura em alumínio dobrado, front/side light, placa acrílico translúcido, E27, 12W, 4000k, 220V, para instalação em parede. Grado Iluminação ou equivalente. Demais acessórios, inclusive lâmpada. Fornecimento e instalação.","und",10,396.12,3961.2]
["20.1.8.7","592386-7","Luminária arandela externa, IP20, para fita LED de 10W, preta, estrutura em alumínio moldado, tipo up & down light, 4000k, 220V, tamanho 1,5m, para instalação em estrutura metálica. Grado Iluminação ou equivalente. Demais acessórios, inclusive fita LED. Fornecimento e instalação.","und",8,918.06999999999994,7344.56]
["20.1.8.8","592387-5","Luminária arandela externa, IP44, para um módulo LED de 4W, preta, em alumínio moldado, luz assimétrica, acrílico translúcido, 4000k, 220V, para instalação em parede. Grado Iluminação ou equivalente. Demais acessórios, inclusive módulo LED. Fornecimento e instalação.","und",24,243.1,5834.4]
["20.1.8.9","592390-5","Refletor simples LED 50W de potência, branco frio 6500k, Bivolt. Forcecimento e instalação.","cj",11,85.22999999999999,937.53]
["20.1.8.10","535538-9","Refletor simples LED 100W de potência, branco frio 6500k, Bivolt. Fornecimento e instalação.","cj",2,128.65,257.3]
["20.1.8.11","457800-7","Relé fotoelétrico para comando de iluminação externa 220V/1000W, de conector, com base. Fornecimento e instalação.","und",13,52.89,687.57]
["20.2.1",null,"ALARME",null,null,0,0]
["20.2.1.1","592418-9","Eletroduto em ferro galvanizado rosca de 2\", leve, incluíndo curvas, abraçadeira tipo cunha e acessórios de fixação, instalação de sobrepor em parede drywall. Fornecimento e instalação.","m",13.2,128.51,1696.33]
["20.2.1.2","592422-7","Ponto para alarme, composto por fiação em cabo de cobre CCI-50 04 pares, e demais acessórios.  Fornecimento e instalação. ","pt",27,196.82999999999998,5314.41]
["20.2.1.3","592423-5","Interface de conexão para alarme para caixa metálica 4x2 \", aparente composta por suporte, placa metálica para um posto, um módulo  de tomada RJ11, linha Tramontina ou equivalente, inclusive conexão/crimpagem tipo impacto (push-down). Fornecimento e instalação.","cj",27,29.27,790.29]
["20.2.2",null," REDE ESTABILIZADA - CONDUTOS/CABOS",null,null,0,0]
["20.2.2.1","502905-8","Cabo de cobre flexível, classe 4 ou 5, seção nominal de 16mm², 450/750V - 70ºC, com isolamento em composto termoplástico, antichama. Fornecimento e instalação.","m",615.1,13.510000000000002,8310]
["20.2.2.2","529932-2","Cabo de cobre flexível, classe 4 ou 5, seção nominal de 35mm², 450/750V - 70ºC, com isolamento em composto termoplástico, antichama. Fornecimento e instalação.","m",2.5,38.17,95.42]
["20.2.2.3","529402-9","Cabo de cobre flexível, classe 4 ou 5, seção nominal de 70mm², 0,6/1KV - 70ºC, com isolamento em composto termoplástico antichama. Fornecimento e instalação.","m",9.6999999999999993,61.43,595.87]
["20.2.2.4","592453-7","Quadro de distribuição de energia de sobrepor, em chapa metálica, para 18 disjuntores termomagnéticos monopolares, padrão DIN, com barramento trifásico (100A), guia para disjuntor geral, barras de neutro e terra e demais acessórios. Fornecimento e instalação.","und",4,497.81,1991.24]
["20.2.2.5","487954-6","Disjuntor termomagnético tripolar, corrente nominal de 225A,  padrão DIN, Siemens ou equivalente, incluindo terminais à compressão. Fornecimento e instalação. ","und",1,663.27,663.27]
["20.2.2.6","470841-5","Ponto para tomada estabilizada 2P+T,  composto por fiação em cabo  AFUMEX, ATOX, AFITOX ou equivalente (Não-Halogenado), isolação 750V, de 4mm². Fornecimento e instalação.","pt",135,207,27945]
["20.2.2.7","592347-6","Tomada de sobrepor para duas caixas metálicas 4x2\", composta por 2 suportes, 2 placas metálicas para 2 postos, três módulos de tomada 2P+T 10A-250V, um módulo de tomada 2P+T 20A-250V (vermelho), linha Tramontina ou equivalente. Fornecimento e instalação","cj",135,98.47999999999999,13294.8]
["20.2.3",null,"CABEAMENTO ESTRUTURADO",null,null,0,0]
["20.2.3.1","592465-0","Eletroduto em ferro galvanizado rosca de 2\", leve, incluíndo curvas, abraçadeira tipo cunha e acessórios de fixação, instalação de sobrepor em parede de alvenaria. Fornecimento e instalação.","m",21.6,116.73,2521.36]
["20.2.3.2","592643-2","Eletroduto em ferro galvanizado rosca de 1\", leve, incluíndo curvas, abraçadeira tipo cunha e acessórios de fixação, instalação de sobrepor em laje. Fornecimento e instalação.","m",52.5,93.64,4916.1000000000004]
["20.2.3.3","564256-6","Eletrocalha perfurada, galvanizada, em chapa 18, dim.: 50x50mm, inclusive acessórios de derivação e fixação. Fornecimento e instalação.                        ","m",210.2,57.78,12145.35]
["20.2.3.4","475253-8","Cabo telefônico CCI-50 4 pares, sem blindagem. Fornecimento e instalação.","m",50.2,38.870000000000005,1951.27]
["20.2.3.5","282790-5","Cabo de par trançado UTP, 4 pares, cat. 6,  Furukawa ou equivalente.. Fornecimento e instalação.","m",211,3.09,651.99]
["20.2.3.6","508473-3","Quadro de distribuição para telefone Nº 4, de sobrepor, padrão Telebrás, dimnsões 60x60x12cm em chapa de aço galvanizado e demais acessórios. Fornecimento e instalação.","und",2,284.84000000000003,569.67999999999995]
["20.2.4",null,"PONTOS",null,null,0,0]
["20.2.4.1","389170-4","Ponto simples para tomada de voz/dados composto com cabo Utp 4 pares (1x), cat. 5e, Furukawa ou equivalente, 01 conector RJ45, incluindo a reserva técnica de 5,5m de cabo (5,0m+0,5m). Fornecimento e instalação.","pt",15,227.11999999999998,3406.8]
["20.2.4.2","389172-0","Ponto duplo para tomada de voz/dados, composto com cabo Utp 4 pares (2x), cat. 5e, Furukawa ou equivalente, 02 conectores RJ45, incluindo a reserva técnica de 2x5,5m de cabo (5,0m+0,5m). Fornecimento e instalação.","pt",131,454.27,59509.37]
["20.2.5.",null,"TOMADAS ",null,null,0,0]
["20.2.5.1","592734-0","Tomada simples para voz/dados para caixa metálica 4x2 \", composta por suporte, placa metálica para dois postos, dois módulos  de tomada RJ45, cat. 5e, linha Tramontina ou equivalente, inclusive conexão/crimpagem tipo impacto (push-down). Fornecimento e instalação.","cj",15,99.47,1492.05]
["20.2.5.2","592735-8","Tomada dupla para voz/dados para caixa metálica 4x2 \", composta por suporte, placa metálica para dois postos, dois módulos  de tomada RJ45, cat. 5e, linha Tramontina ou equivalente, inclusive conexão/crimpagem tipo impacto (push-down). Fornecimento e instalação.","cj",131,161.76999999999998,21191.87]
[21,null,"SPDA",null,null,0,0]
["21.1",null,"CONDUTORES",null,null,0,0]
["21.1.1","592739-0","Cordoalha em cabo de cobre nu, têmpera meio-duro, encordoamento classe 2, seção nominal de 16,0mm² (TEL-5716), marca de ref. Termotécnica ou equivalente. Fornecimento e instalação.","m",104,20.939999999999998,2177.7600000000002]
["21.1.2","508397-4","Cordoalha em cabo de cobre nu, têmpera meio-duro, encordoamento classe 2, seção nominal de 35,0mm² (TEL-5735), não enterrada, fixada com presilha de latão para cabo de 35mm² (TEL-744), inclusive parafuso em aço inox fenda DN 4,2x32mm (TEL-5333), bucha nylon DN 6mm (TEL-5306) e vedação dos furos com selante poliuretano (TEL-5905), marca de ref. Termotécnica ou equivalente. Fornecimento e instalação.","m",270.39999999999998,100.53999999999999,27186.01]
["21.1.3","380148-9","Cabo de cobre nu, têmpera meio-duro, encordoamento classe 2, seção nominal de 50,0mm². Fornecimento e instalação.","m",15,64.710000000000008,970.65]
["21.1.4","508391-5","Cabo de cobre nu, têmpera meio-duro, encordoamento classe 2, seção nominal de 50,0mm², assentado em valas com profundidade de 0,60m, inclusive escavação e reaterro. Fornecimento e instalação.","m",70,161.29,11290.3]
["21.1.5","508505-5","Cordoalha em cabo de cobre nu, têmpera meio-duro, encordoamento classe 2, seção nominal de 50,0mm² (TEL-5750), não enterrada, fixada com presilha de latão para cabo de 50mm² (TEL-744), inclusive parafuso em aço inox fenda DN 4,2x32mm (TEL-5333), bucha nylon DN 8mm (TEL-5308) e vedação dos furos com selante poliuretano (TEL-5905), marca de ref. Termotécnica ou equivalente. Fornecimento e instalação.","m",8,118.5,948]
["21.2",null,"DIVERSOS",null,null,0,0]
["21.2.1","564567-0","Eletroduto de PVC rígido rosqueável de 1\", com luva de rosca interna e acessórios de fixação (abraçadeira). Fornecimento e instalação.","m",15,25.65,384.75]
["21.2.2","508447-4","Caixa de equalização de potenciais para uso interno e externo com 5 (cinco) terminais para aterramento (BEP), em polipropileno, ref. TEL-902, marca de referência Termotécnica ou equivalente. Fornecimento e instalação.","und",3,177.5,532.5]
["21.2.3","508448-2","Caixa de equalização de potenciais para uso interno e externo com 11 (onze) terminais para aterramento (BEP), em polipropileno, ref. TEL-900, marca de referência Termotécnica ou equivalente. Fornecimento e instalação.","und",1,318.44,318.44]
["21.2.4","528039-7","Solda exotérmica para cabo 50mm²-haste. Fornecimento e instalação.","und",24,45.8,1099.2]
["21.2.5","525694-1","Solda exotérmica para cabo 35mm²- cabo 35mm². Fornecimento e instalação.","und",4,43.43,173.72]
["21.2.6","467727-7","Conector parafuso fendido split-bolt para cabo de 35mm². TEL- 5015. Termotécnica ou equivalente. Fornecimento e instalação.","und",26,15.43,401.18]
["21.2.7","508449-0","Mastro telescópico de 4m (3mx2\" e 1m2.1/2\") (TEL-472), incl. base de fixação 2\" (TEL-075), captor tipo Franklin em latão cromado (2 descidas) (TEL-012), abraçadeiras guia simples (TEL-370) e reforçadas (TEL-380 e TEL-390) para duas descidas, conj. de contraventagem com abraçadeira para 3 estais em tubo de 2m (TEL-453) e demais acessórios de fixação (bucha e parafuso). ref. Termotécnica, Montal ou equivalente. Fornecimento e instalação.","cj",1,1512.65,1512.65]
["21.2.8","503219-9","Conjunto sinalizador LED, sensor e mastro (TEL-614). Fornecimento e instalação.  ","cj",1,26.5,26.5]
["21.2.9","592754-4","Caixa de Inspeção Suspensa em Polipropileno, com tampa, anti-UV e anti-chama -TEL 541, Termotécnica ou equivalente. Fornecimento e instalação.","und",5,81.78,408.9]
["21.2.10","438286-2","Conector de medição em latão com 2 parafusos para cabos de 35 a 70 mm2, ref. TEL-562, Termotécnica ou equivalente. Fornecimento e instalação.","und",5,43.21,216.05]
["21.2.11","592755-2","Fita perfurada em latão niquelado 20mm x 0,8mm, para equalização de potenciais, inclusive parafuso, porca e arruela em inox, marca de referência Termotécnica ou equivalente. Fornecimento e instalação.","und",2,66.489999999999995,132.97999999999999]
["21.2.12","233752-5","Terminal a compressão em cobre estanhado  para cabo de 16mm², 1 furo, incluisive parafuso sextavado em aço inox 1/4\"x1.1/4\", arruelas lisas e porca sextavada de 1/4\". Fornecimento e instalação","cj",4,4.45,17.8]
["21.2.13","429528-5","Terminal a compressão em cobre estanhado para cabo de 35mm², 1 furo, incluisive parafuso sextavado em aço inox 1/4\"x1.1/4\", arruelas lisas e porca sextavada de 1/4\". Fornecimento e instalação","cj",6,6.02,36.119999999999997]
["21.2.14","456863-0","Terminal a compressão em cobre estanhado para cabo de 50mm², 1 furo, incluisive parafuso sextavado em aço inox 1/4\"x1.1/4\", arruelas lisas e porca sextavada de 1/4\". Fornecimento e instalação","cj",2,6.61,13.22]
["21.2.15","491859-2","Caixa de passagem com paredes em alvenaria, laje de tampa em concreto armado e fundo em brita (alt.=10cm), revestida internamente com argamassa no traço 1:4 (cimento e areia média) com preparo manual, dimensões internas (0,30x0,30)m, com profundidade de 0,40m, inclusive escavação, remoção e reaterro.","und",19,161.89999999999998,3076.1]
["21.2.16","398109-6","Haste de aterramento (tipo copperweld) de  5/8\" x 3,0 m, TEL-5820, Termotécnica ou equivalente. Fornecimento e instalação","und",19,94.31,1791.89]
["21.2.17","592756-0","Redução condulete metálico de 1.1/2\" para 3/4\"","und",1,40.58,40.58]
["21.2.18","592758-7","Redução condulete metálico de 2\" para 3/4\"","und",1,38.46,38.46]
["21.2.19","409521-9","Caixa de montagem para DPS TEL-920","und",1,233.36,233.36]
["21.3",null,"SISTEMA FOTOVOLTAICO -  INFRA - ESTRUTURA",null,null,0,0]
["21.3.1","592894-0","Eletroduto em ferro galvanizado rosca de 3/4\", leve, incluíndo curvas, abraçadeira tipo cunha e acessórios de fixação, instalação de sobrepor em estrutura metálica. Fornecimento e instalação.","m",22.6,17.78,401.82]
["21.3.2","591577-5","Eletroduto em ferro galvanizado rosca de 3/4\", leve, incluíndo curvas, abraçadeira tipo cunha e acessórios de fixação, instalação de sobrepor emparede de alvenaria. Fornecimento e instalação.","m",10.6,29.39,311.52999999999997]
["21.3.3","592770-6","Eletroduto em ferro galvanizado rosca de 1\", leve, incluíndo curvas, abraçadeira tipo cunha e acessórios de fixação, instalação de sobrepor em estrutura metálica. Fornecimento e instalação.","und",11.8,26.6,313.88]
["21.3.4","591595-3","Eletroduto em ferro galvanizado rosca de 1\", leve, incluíndo curvas, abraçadeira tipo cunha e acessórios de fixação, instalação de sobrepor emparede de alvenaria. Fornecimento e instalação.","m",42.46,59.72,2535.71]
["21.3.5","501262-7","Cabo de cobre flexível, classe 4 ou 5, seção nominal de 16mm², 0,6/1KV - 70ºC, com isolamento em composto termoplástico não halogenado . Fornecimento e instalação.","m",35.200000000000003,14.37,505.82]
["21.3.6","593561-0","Quadro para previsão de instalação fotovoltáica 600x500mm, de sobrepor . Fornecimento e instalação.","und",1,514.19000000000005,514.19000000000005]
["21.3.7","549360-9","Condulete de alumínio com tampa, tipo C, para eletroduto metálico roscável de 1\", aparente, inclusive acessorios de fixação. Fornecimento e instalação.","und",1,35.83,35.83]
["21.3.8","508308-7","Condulete de alumínio com tampa, tipo L, para eletroduto metálico roscável de 1\", aparente, inclusive acessorios de fixação. Fornecimento e instalação.","und",4,42.78,171.12]
["21.3.9","508307-9","Condulete de alumínio com tampa, tipo L, para eletroduto metálico roscável de 3/4\", aparente, inclusive acessorios de fixação. Fornecimento e instalação.","und",3,30.51,91.53]
["21.3.10","579156-1","Condulete de alumínio com tampa, tipo T, para eletroduto metálico roscável de 3/4\", aparente, inclusive acessorios de fixação. Fornecimento e instalação.","und",3,33.160000000000004,99.48]
["21.3.11","500731-3","Caixa metálica de passagem 200x200x100mm, de sobrepor, corpo em chapa de aço com pintura eletrostática, com tampa cega, para passagem/ inspeção de tubulações elétricas e telefônicas","und",2,95.75,191.5]
["21.3.12","527668-3","Terminal a compressão em cobre estanhado  para cabo de 16mm², 1 furo, incluisive parafuso sextavado em aço inox 1/4\"x1.1/4\", arruelas lisas e porca sextavada de 1/4\". Fornecimento e instalação","cj",20,4.42,88.4]
["21.3.13","501260-0","Ponto para renovação de ar  composto por fiação em cabo de cobre flexível de 2,5mm², com isolação em PVC ,  e classe térmica 70° C, isolação 750V.  Fornecimento e instalação. ","pt",19,244.82,4651.58]
["21.3.14","578856-0","Interruptor simples de sobrepor de três seções para caixa metálica 4x2\", composto por suporte, placa metálica para três  postos e três módulos de interruptor simples, linha Tramontina ou equivalente. Fornecimento e instalação.","cj",2,51.89,103.78]
["22.",null,"SUBESTAÇÃO",null,null,0,0]
["22.1","545234-1","Poste De Concreto Duplo T (DT) 12/300 - fornecimento e assentamento","und",1,1183.1999999999998,1183.2]
["22.2","438342-7","Fornecimento de Cruzeta tipo T 1900mm, inclusive acessórios para a instalação e assentamento em poste","und",3,329.94,989.82]
["22.3","471400-8","Mufla singela termocontratil  20kV para cabo de 50mm², inclusive fornecimento e instalação","und",8,399.28,3194.24]
["22.4","438343-5","Isolador polimérico rosca 25mm 15kV, inclusive fornecimento e instalação","und",6,79.58,477.48]
["22.5","438341-9","Fornecimento e Instalação de Pino para Isolador","und",3,22.39,67.17]
["22.6","545211-2","Fornecimento e instalação de Para raios tipo polimérico 15kv - 12ka","und",3,183.45,550.35]
["22.7","380148-9","Cabo de cobre nú 50 mm2 - fornecimento e assentamento (2,27m/kg)","m",10,61.31,613.1]
["22.8","546581-8","Fita metálica perfurada","m",6,56.67,340.02]
["22.9","438036-3","Fecho para fita bandit, inclusive instalação.","und",3,10.129999999999999,30.39]
["22.10","580278-4","Cabo de Cobre Unipolar de 50mm², encordoamento classe 2, isolamento de 12/20kV om isolação em EPR, inclusive innstalaçao em eletroduto/eletrocalha","m",50,169.04999999999998,8452.5]
["22.11","444660-7","Fornecimento de Eletroduto de Ferro Galvanizado de 4\" (pesado), inclusive assentamento em poste e acessórios de fixação","m",6,235.17,1411.02]
["22.12","203507-3","Fornecimento e assentamento de eletroduto de PVC rígido de 4\", com luva de rosca interna, assentado em valas/alvenaria, envelopado em concreto, inclusive escavação, reaterro e demais acessórios de fixação","m",10,104.35,1043.5]
["22.13","203536-7","Fornecimento e assentamento de curva de PVC rígido de 4\", com luva de rosca interna, assentamento e demais acessórios de fixação","m",1,74.150000000000006,74.150000000000006]
["22.14","522871-9","Fornecimento e assentamento de luva para eletroduto de PVC 4\"","und",4,41.25,165]
["22.15","203482-4","Fornecimento de Eletroduto de Ferro Galvanizado de 4\" (pesado), inclusive assentamento e mais acesórios de fixação","m",2,205.26999999999998,410.54]
["22.16","545204-0","Fornecimento e instalação de chave seccionadora tripolar 15kv - 400a, inclusive acessórios para fixação","und",1,2221.09,2221.09]
["22.17","592624-6","Vergalhão de cobre eletrolítico de 3/8\" - Fornecimento e Instalação","m",20,197.32,3946.4]
["22.18","562893-8","Terminal ou conector borne para vergalhão de cobre 3/8\"- Fornecimento e Instalação","und",12,31.200000000000003,374.4]
["22.19","592633-5","Para-raios a oxidos metálicos, sem centelhador, com desligador automático e invólucro polimérico","und",3,236.22000000000003,708.66]
["22.20","593613-6","Transformado Trifásico 112,5kVA","und",1,21252.65,21252.65]
["22.21","592723-4","Fornecimento e instalação de cabo de cobre eprotenax 0,6/1kV 70mm2 - Pirelli ou equivalente, inclusive instalação em eletroduto/eletrocalha","m",40,77.8,3112]
["22.22","507483-5","Fornecimento e instalação de cabo de cobre eprotenax 0,6/1kV 35mm2 - Pirelli ou equivalente, inclusive instalação em eletroduto/eletrocalha","m",10,46.1,461]
["22.23","532714-8","Fornecimento e instalação da caixa de medição padrão NEOENERGIA, modelo F4","und",1,1353.23,1353.23]
["22.24","507740-0","Fornecimeno e instalação de manta de proteção de  15KV.","m",1,737.26,737.26]
["23.",null,"CLIMATIZAÇÃO",null,null,0,0]
["23.1","498751-9","Fornecimento e Instalação , conforme projeto, de Condicionador de ar do tipo SPLIT CASSETE, com capacidade de 18.000 BTU/h, INVERTER, com controle remoto sem fio, classificação energética A (selo PROCEL). Realizando os serviços de confecção de linhas frigoríficas em tubo de cobre utilizando nitrogênio com fluxo constante para realização das soldas evitando impurezas. Fornecimento e instalação de carga de fluido refrigerante ecológico R-410 A e de isolante térmico em espuma elastoméricoa para os tubos de cobre. Realizar a interligação entre as unidades Evaporadora e Condensadora com cabo PP 4x1,5mm; inclusive fixação de unidade evaporadora e interligação de drenos, calços de borracha, bem como todos os acessórios necessários para a completa instalação e funcionamento do sistema, e limpeza final da obra. A execução da instalação deve ser executada por Técnico de Refrigeração devidamente especializado em equipamentos INVERTER. ","pç",15,6875.6299999999992,103134.45]
["23.2","499506-6","Fornecimento e Instalação , conforme projeto, de Condicionador de ar do tipo SPLIT CASSETE, com capacidade de 24.000 BTU/h, INVERTER, com controle remoto sem fio, classificação energética A (selo PROCEL). Realizando os serviços de confecção de linhas frigoríficas em tubo de cobre utilizando nitrogênio com fluxo constante para realização das soldas evitando impurezas. Fornecimento e instalação de carga de fluido refrigerante ecológico R-410A e de isolante térmico em espuma elastoméricoa para os tubos de cobre. Realizar a interligação entre as unidades Evaporadora e Condensadora com cabo PP 4x1,5mm; inclusive fixação de unidade evaporadora e interligação de drenos, calços de borracha, bem como todos os acessórios necessários para a completa instalação e funcionamento do sistema, e limpeza final da obra. A execução da instalação deve ser executada por Técnico de Refrigeração devidamente especializado em equipamentos INVERTER. ","pç",6,8819.7899999999991,52918.74]
["23.3","521422-0","Fornecimento e Instalação , conforme projeto, de Condicionador de ar do tipo SPLIT CASSETE, com capacidade de 36.000 BTU/h, INVERTER, com controle remoto sem fio, classificação energética A (selo PROCEL). Realizando os serviços de confecção de linhas frigoríficas em tubo de cobre utilizando nitrogênio com fluxo constante para realização das soldas evitando impurezas. Fornecimento e instalação de carga de fluido refrigerante ecológico R-410A e de isolante térmico em espuma elastoméricoa para os tubos de cobre. Realizar a interligação entre as unidades Evaporadora e Condensadora com cabo PP 4x1,5mm; inclusive fixação de unidade evaporadora e interligação de drenos, calços de borracha, bem como todos os acessórios necessários para a completa instalação e funcionamento do sistema, e limpeza final da obra. A execução da instalação deve ser executada por Técnico de Refrigeração devidamente especializado em equipamentos INVERTER. ","pç",4,12761.45,51045.8]
["23.4","592818-4","Fornecimento e Instalação , conforme projeto, de Condicionador de ar do tipo SPLIT HIWALL, com capacidade de 9.000 BTU/h, INVERTER, com controle remoto sem fio, classificação energética A (selo PROCEL). Realizando os serviços de confecção de linhas frigoríficas em tubo de cobre utilizando nitrogênio com fluxo constante para realização das soldas evitando impurezas. Fornecimento e instalação de carga de fluido refrigerante ecológico R-410A e de isolante térmico em espuma elastoméricoa para os tubos de cobre. Realizar a interligação entre as unidades Evaporadora e Condensadora com cabo PP 4x1,5mm; inclusive fixação de unidade evaporadora e interligação de drenos, calços de borracha, bem como todos os acessórios necessários para a completa instalação e funcionamento do sistema, e limpeza final da obra. A execução da instalação deve ser executada por Técnico de Refrigeração devidamente especializado em equipamentos INVERTER. (15 metros)","pç",4,4085.29,16341.16]
["23.5","498749-7","Fornecimento e Instalação , conforme projeto, de Condicionador de ar do tipo SPLIT HIWALL, com capacidade de 12.000 BTU/h, INVERTER, com controle remoto sem fio, classificação energética A (selo PROCEL). Realizando os serviços de confecção de linhas frigoríficas em tubo de cobre utilizando nitrogênio com fluxo constante para realização das soldas evitando impurezas. Fornecimento e instalação de carga de fluido refrigerante ecológico R-410A e de isolante térmico em espuma elastoméricoa para os tubos de cobre. Realizar a interligação entre as unidades Evaporadora e Condensadora com cabo PP 4x1,5mm; inclusive fixação de unidade evaporadora e interligação de drenos, calços de borracha, bem como todos os acessórios necessários para a completa instalação e funcionamento do sistema, e limpeza final da obra. A execução da instalação deve ser executada por Técnico de Refrigeração devidamente especializado em equipamentos INVERTER. ","pç",1,4645.91,4645.91]
["23.6","498751-9","Fornecimento e Instalação , conforme projeto, de Condicionador de ar do tipo SPLIT HIWALL, com capacidade de 18.000 BTU/h, INVERTER, com controle remoto sem fio, classificação energética A (selo PROCEL). Realizando os serviços de confecção de linhas frigoríficas em tubo de cobre utilizando nitrogênio com fluxo constante para realização das soldas evitando impurezas. Fornecimento e instalação de carga de fluido refrigerante ecológico R-410A e de isolante térmico em espuma elastoméricoa para os tubos de cobre. Realizar a interligação entre as unidades Evaporadora e Condensadora com cabo PP 4x1,5mm; inclusive fixação de unidade evaporadora e interligação de drenos, calços de borracha, bem como todos os acessórios necessários para a completa instalação e funcionamento do sistema, e limpeza final da obra. A execução da instalação deve ser executada por Técnico de Refrigeração devidamente especializado em equipamentos INVERTER. ","pç",1,5592.7,5592.7]
["23.7","468950-0","Fornecimento e instalação de eletrocalha perfurada, dim (400x100)mm, inclusive acessórios de derivação e fixação, para sustentação e encaminhamento da tubulação de cobre entre condensadoras e evaporadoras. Eletrocalha na cor preta.","m",240,196.11999999999998,47068.800000000003]
["23.8","456829-0","Fornecimento, montagem e instalação de dutos  em chapa de aço galvanizada nº 24, para sistema de renovação de ar, com assessórios. ","m²",80,84.25,6740]
["23.9","593545-8","Fornecimento e instalação de ventilador sicflux maxx - 100 ou similar.","und",5,369.34,1846.7]
["23.10","593546-6","Fornecimento e instalação de ventilador sicflux maxx - 125, com caixa de filtragem sicflux filbox QAD - 125 com filtro G4+M5, ou similar.","cj",5,719.3,3596.5]
["23.11","593548-2","Fornecimento e instalação de ventilador sicflux maxx - 150, com caixa de filtragem sicflux filbox QAD - 150 com filtro G4+M5, ou similar.","cj",6,833.05,4998.3]
["23.12","565102-6","Fornecimento e instalação de Duto flexível em aluminio s/ isolamento  ø100mm","m",30,29.93,897.9]
["23.13","593555-5","Fornecimento e instalação TÊ 100X100 mm","pç",5,55.47,277.35000000000002]
["23.14","507488-6","Fornecimento e instalação de difusor redondo regulável  100 mm","pç",10,60.269999999999996,602.70000000000005]
["23.15","565163-8","Fornecimento e instalação de Duto em Tubo PVC d = 100 mm","m",10,48.65,486.5]
["23.16","593559-8","Fornecimento e instalação de Veneziana Externa em alumínio 300x300 com caixa plenum  em chapa de aço galvanizado, ou equivalente.","pç",16,255.76,4092.16]
["23.17","592535-5","Fornecimento e instalação, no duto de renovação de ar, de GRELHA DE ALETA MOVEIS VERTICIAS COM FUROS NAS ABAS, ANODIZADO, VAT-0-A865X165 ou equivalente.","pç",11,219.66,2416.2600000000002]
["23.18","592537-1","Fornecimento e instalação, no duto de renovação de ar, de GRELHA DE ALETA MOVEIS VERTICIAS COM FUROS NAS ABAS, ANODIZADO, VAT-0-A625X125 ou equivalente.","pç",1,164.76999999999998,164.77]
["23.19","592538-0","Fornecimento e instalação, no duto de renovação de ar, de GRELHA DE ALETA MOVEIS VERTICIAS COM FUROS NAS ABAS, ANODIZADO, VAT-0-A825X125 ou equivalente.","pç",13,196.81,2558.5300000000002]
["23.20","549065-0","Fornecimento e instalação de Exaustor Mega18, da sicflux ou similar.","pç",3,142.62,427.86]
[24,null,"PAISAGISMO/ ÁREAS DESCOBERTAS",null,null,0,0]
["24.1","592856-7","Fornecimento e colocação de pallet em Eucalipto ou Pinus modelo PBR, tamanho 1,20 x 1,00m","un",4,132.59,530.36]
["24.2","592854-0","Fornecimento e colocação de pallet em Eucalipto ou Pinus modelo PBR, tamanho 1,00 x 1,00m","un",4,100.41,401.64]
["24.3","592850-8","Fornecimento e colocação de vasos  plásticos variados, tamanho mínimo 15cm e máximo 30cm.","un",80,21.73,1738.4]
["24.4","507037-6","Fornecimento e transporte de vasos de planta em concreto, 70x70cm, formato caixa torre lisa.","un",19,243.41,4624.79]
["24.5","592413-8","Fornecimento e plantio de palmeira Pata de Elefante.","un",9,168.19,1513.71]
["24.6","507033-3","Fornecimento e plantio de palmeira Ráfia.","un",10,221.82000000000002,2218.1999999999998]
["24.7","592412-0","Fornecimento e assentamento de cobogó cerâmico, dimensões 25x25cm, espessura de 8,5cm, peso 4540g, 16 peças por metro quadrado, Linha Argila, padrão Tasmania Line, fabricante Manufatti. (Área = 8m²)","m²",8,924.61,7396.88]
[25,null,"LIMPEZA",null,null,0,0]
["25.1","454806-0","Execução de descupinização com material inseticida.","m²",1243.57,17.170000000000002,21352.09]
["25.2","454812-4","Limpeza geral da obra ","m²",1243.57,3.5,4352.49]
[26,null,"DESMOBILIZAÇÃO DA OBRA",null,null,0,0]
["26.1","592274-7","Desmobilização da obra (pessoal, máquinas e equipamentos).","un",1,2027.4,2027.4]
["TOTAL DA OBRA:",null,null,null,null,null,{"$f":"SUM(G10:G593)","v":3568717.2399999998}]